Combien de ville de Bourgogne Franche-Comté connais-tu ? - Statistiques

Statistiques générales
  • Ce quiz a été pris 33 fois
  • Le résultat moyen est 87 sur 3699
Statistiques - réponses
Population Département Ville % Correct
162454 21 Dijon
100%
121519 25 Besançon
95%
168 71 Mont
95%
35244 89 Auxerre
86%
20808 21 Beaune
82%
35137 71 Mâcon
82%
33285 58 Nevers
77%
160 21 Pont
77%
46225 90 Belfort
73%
24483 39 Dole
73%
46567 71 Chalon-sur-Saône
68%
27367 89 Sens
68%
17921 39 Lons-le-Saunier
64%
21319 71 Le Creusot
59%
18618 25 Pontarlier
59%
14215 71 Autun
55%
9287 21 Quetigny
55%
17488 71 Montceau-les-Mines
50%
401 89 Nuits
50%
15626 70 Vesoul
50%
14491 21 Chenôve
45%
1248 25 Fontain
45%
260 25 Le Val
45%
26269 25 Montbéliard
45%
9658 58 Cosne-Cours-sur-Loire
41%
609 90 Fontaine
41%
2040 71 Lux
41%
523 21 Lux
41%
12004 21 Talant
41%
13763 25 Audincourt
36%
6635 89 Avallon
36%
2213 71 Buxy
36%
5980 70 Gray
36%
10862 70 Héricourt
36%
6675 71 Louhans
36%
4384 39 Poligny
36%
9139 39 Saint-Claude
36%
4508 89 Tonnerre
36%
8466 39 Champagnole
32%
240 71 Château
32%
287 39 Chevigny
32%
9691 89 Joigny
32%
8762 21 Longvic
32%
8143 70 Lure
32%
4965 21 Montbard
32%
9612 71 Paray-le-Monial
32%
4466 21 Semur-en-Auxois
32%
3862 25 Sochaux
32%
6177 71 Blanzy
27%
5596 71 Chagny
27%
3233 71 Charolles
27%
82 58 Châtin
27%
5375 58 Decize
27%
8957 21 Fontaine-lès-Dijon
27%
411 89 Migé
27%
7402 89 Migennes
27%
7187 25 Morteau
27%
7617 21 Saint-Apollinaire
27%
2847 71 Torcy
27%
5832 71 Tournus
27%
329 89 Varennes
27%
415 70 Auxon
23%
7709 21 Auxonne
23%
5144 25 Baume-les-Dames
23%
486 25 Charnay
23%
6290 71 Châtenoy-le-Royal
23%
11261 21 Chevigny-Saint-Sauveur
23%
3779 58 Clamecy
23%
5176 71 Cluny
23%
5774 90 Delle
23%
725 39 Gevry
23%
6862 71 Gueugnon
23%
4436 21 Is-sur-Tille
23%
6903 70 Luxeuil-les-Bains
23%
5385 21 Marsannay-la-Côte
23%
1361 71 Mellecey
23%
1368 71 Mercurey
23%
5075 71 Montchanin
23%
1389 25 Morre
23%
5421 21 Nuits-Saint-Georges
23%
4528 25 Ornans
23%
1556 39 Perrigny
23%
1297 89 Perrigny
23%
1586 71 Rully
23%
389 39 Saint-Pierre
23%
11065 25 Valentigney
23%
2656 21 Arc-sur-Tille
18%
4756 71 Bourbon-Lancy
18%
2210 89 Chablis
18%
8215 71 Charnay-lès-Mâcon
18%
1312 71 Couches
18%
7854 71 Digoin
18%
3784 25 Étupes
18%
3838 71 Givry
18%
186 89 Givry
18%
202 39 La Ferté
18%
490 25 La Vèze
18%
3596 71 Le Breuil
18%
3738 39 Les Rousses
18%
1449 21 Meursault
18%
461 39 Montaigu
18%
3430 39 Montmorot
18%
1092 70 Pesmes
18%
1059 71 Saint-Gengoux-le-National
18%
6335 71 Saint-Marcel
18%
91 70 Saint-Marcel
18%
235 39 Saint-Maur
18%
66 58 Saint-Maurice
18%
6763 71 Saint-Rémy
18%
699 21 Saint-Rémy
18%
8704 71 Saint-Vallier
18%
3232 25 Saône
18%
1329 21 Savigny-lès-Beaune
18%
2335 21 Seurre
18%
5841 25 Valdahon
18%
9362 58 Varennes-Vauzelles
18%
440 89 Vézelay
18%
1620 21 Ahuy
14%
3443 39 Arbois
14%
5081 90 Beaucourt
14%
5404 25 Bethoncourt
14%
1557 39 Bletterans
14%
36 21 Charny
14%
146 39 Château-Chalon
14%
1125 71 Châtenoy-en-Bresse
14%
118 39 Châtillon
14%
5690 21 Châtillon-sur-Seine
14%
955 39 Courlans
14%
1174 39 Courlaoux
14%
2520 71 Crissey
14%
706 39 Crissey
14%
1344 39 Dampierre
14%
1258 70 Dampierre-sur-Salon
14%
244 89 Dracy
14%
2316 39 Foucherans
14%
1026 70 Gy
14%
4209 71 La Chapelle-de-Guinchay
14%
4726 58 La Charité-sur-Loire
14%
1699 71 La Clayette
14%
257 39 Le Pin
14%
2920 25 L'Isle-sur-le-Doubs
14%
4362 25 Maîche
14%
1547 70 Marnay
14%
534 71 Marnay
14%
590 39 Mesnay
14%
867 39 Messia-sur-Sorne
14%
1449 25 Métabief
14%
2008 21 Mirebeau-sur-Bèze
14%
4193 89 Monéteau
14%
741 89 Montacher-Villegardin
14%
318 71 Mont-Saint-Vincent
14%
606 71 Moroges
14%
1377 39 Mouchard
14%
114 58 Neuilly
14%
4943 89 Paron
14%
2581 21 Plombières-lès-Dijon
14%
1313 21 Pontailler-sur-Saône
14%
2476 39 Saint-Amour
14%
1867 39 Saint-Aubin
14%
222 21 Saint-Aubin
14%
925 71 Saint-Désert
14%
275 39 Saint-Didier
14%
212 21 Saint-Didier
14%
31 58 Saint-Didier
14%
4266 89 Saint-Florentin
14%
1378 70 Saint-Germain
14%
1931 71 Saint-Germain-du-Bois
14%
1533 21 Saint-Julien
14%
4998 25 Saint-Vit
14%
2678 39 Salins-les-Bains
14%
1149 71 Savigny-en-Revermont
14%
1284 71 Sevrey
14%
928 21 Sombernon
14%
4038 39 Tavaux
14%
5489 90 Valdoie
14%
986 71 Verdun-sur-le-Doubs
14%
5233 89 Villeneuve-sur-Yonne
14%
931 39 Viry
14%
263 71 Viry
14%
808 39 Voiteur
14%
140 21 Aloxe-Corton
9%
879 71 Antully
9%
3293 89 Appoigny
9%
2537 70 Arc-lès-Gray
9%
1233 39 Arlay
9%
1407 21 Arnay-le-Duc
9%
946 25 Avoudrey
9%
164 39 Baume-les-Messieurs
9%
3678 25 Bavans
9%
1374 25 Beure
9%
729 21 Bèze
9%
826 21 Bligny-sur-Ouche
9%
134 71 Bouzeron
9%
2385 71 Branges
9%
790 21 Brochon
9%
1005 71 Bruailles
9%
653 25 Busy
9%
2647 71 Champforgeuil
9%
1135 89 Charmoy
9%
282 71 Charmoy
9%
476 89 Chassy
9%
308 71 Chassy
9%
93 71 Châteauneuf
9%
82 21 Châteauneuf
9%
3759 71 Chauffailles
9%
657 89 Chaumont
9%
315 39 Chille
9%
1044 39 Choisey
9%
159 21 Cléry
9%
586 70 Combeaufontaine
9%
611 70 Corre
9%
610 39 Courbouzon
9%
1325 39 Cousance
9%
1961 21 Couternon
9%
1628 71 Cuisery
9%
403 39 Cuisia
9%
3640 90 Danjoutin
9%
1257 39 Domblans
9%
3309 25 Doubs
9%
1510 71 Dracy-le-Fort
9%
1626 71 Écuisses
9%
651 25 Épenoy
9%
1683 71 Épervans
9%
1951 71 Étang-sur-Arroux
9%
665 39 Évans
9%
902 21 Fontaine-Française
9%
2311 25 Franois
9%
1970 25 Frasne
9%
1390 70 Frotey-lès-Vesoul
9%
3795 58 Garchizy
9%
1425 71 Génelard
9%
5234 21 Genlis
9%
3159 21 Gevrey-Chambertin
9%
2994 90 Giromagny
9%
5922 25 Grand-Charmont
9%
1525 25 Grand'Combe-Châteleu
9%
963 70 Gray-la-Ville
9%
5496 39 Hauts de Bienne
9%
3672 25 Hérimoncourt
9%
263 89 Irancy
9%
699 71 Issy-l'Évêque
9%
502 71 Jambles
9%
135 89 Jully
9%
1575 70 Jussey
9%
378 89 Jussy
9%
248 39 La Barre
9%
98 70 La Barre
9%
616 25 La Chaux
9%
326 71 La Chaux
9%
1018 71 Laives
9%
370 39 La Marre
9%
41 70 La Rochelle
9%
1432 25 Les Fourgs
9%
147 70 Les Magny
9%
341 89 Les Ormes
9%
560 71 Lessard-en-Bresse
9%
670 71 Lessard-le-National
9%
584 39 L'Étoile
9%
606 25 L'Hôpital-du-Grosbois
9%
2033 58 Luzy
9%
897 89 Magny
9%
4945 25 Mandeure
9%
1754 71 Marcigny
9%
1277 71 Marmagne
9%
204 21 Marmagne
9%
2189 25 Mathay
9%
760 71 Messey-sur-Grosne
9%
410 25 Montbenoît
9%
1965 71 Montcenis
9%
2263 25 Montlebon
9%
784 71 Montret
9%
1057 25 Mouthe
9%
309 39 Nogna
9%
1448 21 Nolay
9%
347 58 Nolay
9%
4255 90 Offemont
9%
1651 39 Orgelet
9%
1264 71 Oslon
9%
151 39 Our
9%
3180 71 Ouroux-sur-Saône
9%
2201 21 Perrigny-lès-Dijon
9%
1971 71 Pierre-de-Bresse
9%
533 39 Plainoiseau
9%
220 39 Plasne
9%
155 58 Poil
9%
461 21 Pommard
9%
653 39 Pont-de-Poitte
9%
4162 25 Pont-de-Roide-Vermondans
9%
1946 71 Prissé
9%
2471 70 Rioz
9%
1154 25 Roulans
9%
1254 71 Sagy
9%
499 71 Saint-Boil
9%
539 71 Sainte-Hélène
9%
805 71 Saint-Étienne-en-Bresse
9%
3370 89 Saint-Georges-sur-Baulche
9%
926 25 Saint-Hippolyte
9%
1618 71 Saint-Léger-sur-Dheune
9%
250 39 Saint-Loup
9%
223 21 Saint-Romain
9%
1771 71 Saint-Sernin-du-Bois
9%
4400 71 Sanvignes-les-Mines
9%
146 71 Sassangy
9%
2454 21 Saulieu
9%
5894 25 Seloncourt
9%
105 71 Sercy
9%
1754 71 Simandre
9%
1195 71 Simard
9%
2035 71 Sornay
9%
355 70 Sornay
9%
2732 89 Toucy
9%
1498 71 Toulon-sur-Arroux
9%
1806 21 Velars-sur-Ouche
9%
302 70 Velleminfroy
9%
1128 89 Villeneuve-l'Archevêque
9%
308 39 Villeneuve-sous-Pymont
9%
5307 25 Villers-le-Lac
9%
731 39 Villevieux
9%
931 89 Vincelles
9%
443 71 Vincelles
9%
1230 71 Viré
9%
244 21 Volnay
9%
347 21 Vosne-Romanée
9%
3190 25 Voujeaucourt
9%
457 39 Aiglepierre
5%
166 25 Aïssey
5%
579 21 Alise-Sainte-Reine
5%
259 71 Aluze
5%
494 39 Amange
5%
865 89 Ancy-le-Franc
5%
545 39 Andelot-en-Montagne
5%
94 39 Andelot-Morval
5%
727 71 Anost
5%
62 21 Antheuil
5%
1643 25 Arc-et-Senans
5%
730 25 Arc-sous-Cicon
5%
117 39 Ardon
5%
28 39 Aresches
5%
1142 39 Arinthod
5%
471 39 Aumont
5%
437 25 Autechaux
5%
526 25 Autechaux-Roide
5%
852 39 Authume
5%
927 71 Auxy
5%
378 39 Avignon-lès-Saint-Claude
5%
1110 71 Azé
5%
99 71 Ballore
5%
146 39 Barésia-sur-l'Ain
5%
147 71 Barizey
5%
309 71 Baron
5%
2059 25 Bart
5%
899 89 Bassou
5%
633 71 Baudemont
5%
991 71 Baudrières
5%
90 21 Baulme-la-Roche
5%
4735 90 Bavilliers
5%
155 70 Bay
5%
426 89 Bazarnes
5%
1444 39 Beaufort-Orbagna
5%
737 71 Beaurepaire-en-Bresse
5%
67 89 Beauvilliers
5%
419 39 Bersaillin
5%
162 39 Besain
5%
888 71 Bey
5%
117 25 Bief
5%
221 39 Bief-du-Fourg
5%
48 39 Billecul
5%
853 21 Binges
5%
340 71 Bissey-sous-Cruchaud
5%
89 71 Bissy-sur-Fley
5%
1236 25 Blamont
5%
104 89 Blannay
5%
1271 21 Bligny-lès-Beaune
5%
100 39 Blois-sur-Seille
5%
182 39 Blye
5%
113 39 Boissia
5%
392 25 Bolandoz
5%
836 25 Bonnay
5%
318 71 Bonnay-Saint-Ythaire
5%
116 39 Bonnefontaine
5%
183 71 Bouhans
5%
452 25 Boujailles
5%
1874 90 Bourogne
5%
1188 25 Boussières
5%
408 25 Bouverans
5%
274 39 Bracon
5%
213 39 Brans
5%
2406 21 Brazey-en-Plaine
5%
197 71 Bresse-sur-Grosne
5%
287 25 Bretonvillers
5%
641 89 Brion
5%
299 71 Brion
5%
762 71 Broye
5%
275 90 Buc
5%
58 71 Burzy
5%
316 21 Bussy-le-Grand
5%
400 39 Buvilly
5%
85 25 By
5%
341 39 Censeau
5%
90 39 Cerniébaud
5%
434 39 Chamblay
5%
228 71 Champlecy
5%
1666 70 Champlitte
5%
1490 39 Champvans
5%
182 70 Champvans
5%
673 89 Chamvres
5%
225 71 Change
5%
477 71 Changy
5%
64 21 Channay
5%
165 71 Chapaize
5%
330 71 Charbonnières
5%
145 39 Charcier
5%
181 39 Charézier
5%
379 90 Charmois
5%
196 71 Charnay-lès-Chalon
5%
4836 89 Charny Orée de Puisaye
5%
340 71 Charrecey
5%
624 58 Charrin
5%
292 21 Chassagne-Montrachet
5%
97 21 Chassey
5%
557 58 Château-Chinon (Campagne)
5%
2317 58 Château-Chinon (Ville)
5%
52 39 Châtel-de-Joux
5%
91 71 Châtel-Moron
5%
2062 25 Châtillon-le-Duc
5%
483 39 Chaumergy
5%
1588 39 Chaussin
5%
1207 90 Chaux
5%
490 21 Chaux
5%
404 39 Chaux-des-Crotenay
5%
214 25 Chay
5%
341 39 Chemin
5%
209 71 Chenôves
5%
631 39 Chilly-le-Vignoble
5%
100 39 Chilly-sur-Salins
5%
132 39 Choux
5%
878 71 Ciel
5%
2279 71 Ciry-le-Noble
5%
833 39 Cize
5%
1467 39 Clairvaux-les-Lacs
5%
309 25 Cléron
5%
283 71 Clessy
5%
249 39 Cogna
5%
447 70 Colombier
5%
69 21 Colombier
5%
1228 25 Colombier-Fontaine
5%
689 39 Conliège
5%
642 21 Corcelles-les-Monts
5%
964 21 Corgoloin
5%
572 71 Cormatin
5%
217 39 Cornod
5%
2282 39 Coteaux du Lizon
5%
1129 21 Couchey
5%
3779 58 Coulanges-lès-Nevers
5%
220 58 Courcelles
5%
120 90 Courcelles
5%
107 25 Courcelles
5%
324 25 Courvières
5%
184 71 Cressy-sur-Somme
5%
1158 71 Curgy
5%
135 71 Curtil-sous-Burnand
5%
141 21 Curtil-Vergy
5%
281 39 Cuvier
5%
113 71 Cuzy
5%
1575 21 Daix
5%
2697 39 Damparis
5%
114 25 Dannemarie
5%
1833 25 Dannemarie-sur-Crète
5%
478 89 Dannemoine
5%
1820 71 Demigny
5%
73 39 Denezières
5%
487 39 Desnes
5%
314 25 Dompierre-les-Tilleuls
5%
83 71 Dompierre-sous-Sanvignes
5%
220 39 Dompierre-sur-Mont
5%
1596 58 Donzy
5%
1497 58 Dornes
5%
157 71 Dracy-lès-Couches
5%
636 71 Dracy-Saint-Loup
5%
230 39 Écleux
5%
2754 25 École-Valentin
5%
2175 71 Épinac
5%
776 21 Époisses
5%
596 39 Équevillon
5%
3420 90 Essert
5%
1644 25 Étalans
5%
786 89 Étigny
5%
319 39 Étival
5%
486 71 Étrigny
5%
698 70 Étuz
5%
3299 25 Exincourt
5%
818 71 Farges-lès-Chalon
5%
769 21 Fixin
5%
826 25 Flangebouche
5%
277 21 Flavigny-sur-Ozerain
5%
87 25 Fleurey
5%
1460 21 Fleurey-sur-Ouche
5%
202 71 Fley
5%
195 39 Foncine-le-Bas
5%
1128 39 Foncine-le-Haut
5%
2215 71 Fontaines
5%
474 89 Fontaines
5%
461 39 Fort-du-Plasne
5%
3915 70 Fougerolles-Saint-Valbert
5%
4120 58 Fourchambault
5%
388 25 Fourg
5%
56 39 Fraroz
5%
162 21 Fresnes
5%
66 89 Fresnes
5%
80 25 Froidevaux
5%
491 25 Fuans
5%
938 21 Gemeaux
5%
444 39 Gendrey
5%
432 71 Genouilly
5%
2663 71 Gergy
5%
200 71 Germagny
5%
153 70 Germigney
5%
79 39 Germigney
5%
534 89 Germigny
5%
544 39 Gevingey
5%
279 39 Gigny
5%
85 89 Gigny
5%
1768 25 Gilley
5%
143 39 Gillois
5%
734 21 Gilly-lès-Cîteaux
5%
923 71 Gourdon
5%
128 25 Grand'Combe-des-Bois
5%
646 39 Grande-Rivière Château
5%
3056 90 Grandvillars
5%
142 39 Graye-et-Charnay
5%
252 25 Grosbois
5%
402 39 Grozon
5%
510 71 Grury
5%
1738 89 Gurgy
5%
310 25 Guyans-Durnes
5%
893 25 Guyans-Vennes
5%
996 39 Hauteroche
5%
81 21 Hauteroche
5%
1814 89 Héry
5%
74 58 Héry
5%
2042 71 Hurigny
5%
67 25 Hyèvre-Magny
5%
213 70 Igny
5%
3233 58 Imphy
5%
102 39 Ivory
5%
1445 90 Joncherey
5%
525 71 Joncy
5%
1882 25 Jougne
5%
596 39 Jouhe
5%
248 71 Juif
5%
377 71 Jully-lès-Buxy
5%
822 71 L'Abergement-de-Cuisery
5%
1261 71 L'Abergement-Sainte-Colombe
5%
162 21 La Bussière-sur-Ouche
5%
407 39 Lac-des-Rouges-Truites
5%
235 71 La Chapelle-au-Mans
5%
510 71 La Chapelle-Naude
5%
161 70 La Chapelle-Saint-Quillain
5%
192 71 La Chapelle-sous-Uchon
5%
110 39 La Chassagne
5%
101 21 La Chaume
5%
578 39 La Chaux-du-Dombief
5%
1360 25 La Cluse-et-Mijoux
5%
535 70 La Côte
5%
716 71 Lacrost
5%
535 89 La Ferté-Loupière
5%
41 39 La Frasnée
5%
241 71 La Frette
5%
627 71 La Guiche
5%
189 89 Lain
5%
609 71 Laizy
5%
298 39 Lajoux
5%
81 39 La Latette
5%
584 39 La Loye
5%
3283 58 La Machine
5%
665 39 Lamoura
5%
958 71 Lans
5%
337 39 La Pesse
5%
622 39 Larnaud
5%
233 58 Larochemillay
5%
213 71 La Tagnière
5%
639 39 Lavancia-Epercy
5%
339 39 Lavans-lès-Dole
5%
2433 39 Lavans-lès-Saint-Claude
5%
393 39 Lavigny
5%
638 71 Le Fay
5%
197 39 Le Fied
5%
175 39 Le Frasnois
5%
237 39 Le Louverot
5%
46 21 Le Meix
5%
634 71 Le Miroir
5%
160 39 Lent
5%
641 71 Le Rousset-Marizy
5%
2558 25 Les Auxons
5%
482 71 Les Bizots
5%
319 39 Les Bouchoux
5%
778 25 Les Combes
5%
3282 25 Les Fins
5%
229 71 Les Guerreaux
5%
918 25 Les Hôpitaux-Neufs
5%
470 25 Les Hôpitaux-Vieux
5%
101 39 Les Nans
5%
162 39 Les Planches-en-Montagne
5%
88 39 Les Planches-près-Arbois
5%
359 21 Levernois
5%
299 39 Le Vernois
5%
2511 25 Levier
5%
311 71 L'Hôpital-le-Mercier
5%
553 25 Liesle
5%
1420 89 Lindry
5%
226 25 Lods
5%
61 39 Longcochon
5%
459 89 Looze
5%
175 39 Loulle
5%
99 39 Louvatange
5%
318 71 Lucenay-l'Évêque
5%
807 70 Luze
5%
1008 39 Macornay
5%
1431 58 Magny-Cours
5%
913 21 Magny-sur-Tille
5%
338 39 Maisod
5%
799 21 Mâlain
5%
877 25 Malbuisson
5%
1825 25 Mamirolle
5%
451 70 Mantoche
5%
682 71 Marcilly-lès-Buxy
5%
216 39 Marigny
5%
167 71 Marigny
5%
87 71 Marly-sous-Issy
5%
321 71 Marly-sur-Arroux
5%
81 39 Marnézia
5%
203 39 Martigna
5%
414 71 Martigny-le-Comte
5%
274 71 Mary
5%
3861 58 Marzy
5%
145 39 Mathenay
5%
1711 70 Mélisey
5%
231 89 Mélisey
5%
328 39 Menotey
5%
78 89 Mercy
5%
7 39 Mérona
5%
1527 71 Mervans
5%
76 25 Mesmay
5%
773 71 Mesvres
5%
157 39 Miéry
5%
871 39 Mignovillard
5%
446 58 Millay
5%
107 21 Missery
5%
582 39 Moissey
5%
116 39 Molain
5%
515 39 Molay
5%
96 89 Môlay
5%
65 70 Molay
5%
164 21 Molinot
5%
775 21 Montagny-lès-Beaune
5%
514 39 Montain
5%
856 71 Montbellet
5%
296 71 Montceaux-l'Étoile
5%
1626 25 Montfaucon
5%
2901 89 Montholon
5%
599 89 Montigny-la-Resle
5%
189 71 Montmort
5%
1122 71 Montpont-en-Bresse
5%
508 39 Montrond
5%
582 25 Montrond-le-Château
5%
1307 39 Mont-sous-Vaudrey
5%
2358 39 Morbier
5%
195 71 Morey
5%
679 21 Morey-Saint-Denis
5%
136 71 Mornay
5%
1089 90 Morvillars
5%
349 25 Mouthier-Haute-Pierre
5%
186 25 Myon
5%
537 39 Nance
5%
1304 25 Nancray
5%
97 25 Nans
5%
171 25 Nans-sous-Sainte-Anne
5%
462 70 Nantilly
5%
643 71 Nanton
5%
668 71 Navour-sur-Grosne
5%
3141 21 Neuilly-Crimolois
5%
762 71 Neuvy-Grandchamp
5%
300 39 Nevy-lès-Dole
5%
203 39 Nevy-sur-Seille
5%
609 39 Ney
5%
115 71 Nochize
5%
78 21 Noidan
5%
2046 70 Noidans-lès-Vesoul
5%
337 25 Noirefontaine
5%
406 39 Nozeroy
5%
1117 39 Orchamps
5%
2218 25 Orchamps-Vennes
5%
43 70 Oricourt
5%
469 71 Ormes
5%
387 71 Oudry
5%
243 39 Oussières
5%
314 71 Oyé
5%
751 25 Oye-et-Pallet
5%
1497 71 Palinges
5%
485 39 Pannessières
5%
316 71 Paris-l'Hôpital
5%
849 89 Parly
5%
125 25 Paroy
5%
293 89 Paroy-sur-Tholon
5%
199 25 Passavant
5%
578 70 Passavant-la-Rochère
5%
342 39 Passenans
5%
1160 25 Pays-de-Clerval
5%
246 21 Pernand-Vergelesses
5%
1222 90 Pérouse
5%
1581 71 Perrecy-les-Forges
5%
279 70 Perrouse
5%
1102 39 Petit-Noir
5%
100 39 Picarreau
5%
1423 25 Pierrefontaine-les-Varans
5%
62 39 Pillemoine
5%
211 39 Pimorin
5%
719 70 Pin
5%
2179 25 Pirey
5%
63 39 Plénise
5%
446 39 Pleure
5%
545 71 Plottes
5%
338 39 Poids-de-Fiole
5%
586 71 Poisson
5%
234 39 Pont-d'Héry
5%
279 39 Pont-du-Navoy
5%
540 39 Port-Lesney
5%
3006 70 Port-sur-Saône
5%
2078 25 Pouilley-les-Vignes
5%
1656 21 Pouilly-en-Auxois
5%
146 70 Poyans
5%
1233 39 Prémanon
5%
62 39 Pretin
5%
297 39 Publy
5%
388 21 Puligny-Montrachet
5%
648 89 Quarré-les-Tombes
5%
279 39 Quintigny
5%
476 39 Rahon
5%
131 25 Rahon
5%
508 39 Ranchot
5%
611 71 Rancy
5%
374 71 Ratte
5%
314 71 Reclesne
5%
349 39 Relans
5%
109 25 Rennes-sur-Loue
5%
251 39 Revigny
5%
625 70 Rigny
5%
636 71 Rigny-sur-Arroux
5%
680 39 Rochefort-sur-Nenon
5%
2193 25 Roche-lez-Beaupré
5%
1743 71 Romenay
5%
494 21 Rouvray
5%
376 89 Rouvray
5%
1351 21 Ruffey-lès-Echirey
5%
775 39 Ruffey-sur-Seille
5%
807 71 Saillenard
5%
984 89 Saint-Agnan
5%
711 71 Saint-Agnan
5%
131 58 Saint-Agnan
5%
106 71 Saint-André-en-Bresse
5%
489 71 Saint-Aubin-en-Charollais
5%
1115 71 Saint-Berain-sous-Sanvignes
5%
570 71 Saint-Bérain-sur-Dheune
5%
782 71 Saint-Bonnet-de-Joux
5%
212 71 Saint-Bonnet-de-Vieille-Vigne
5%
1049 89 Saint-Bris-le-Vineux
5%
1071 71 Saint-Christophe-en-Bresse
5%
2893 89 Saint-Clément
5%
785 71 Saint-Cyr
5%
658 89 Saint-Denis-lès-Sens
5%
222 71 Saint-Didier-sur-Arroux
5%
364 39 Sainte-Agnès
5%
49 25 Sainte-Anne
5%
651 71 Sainte-Croix-en-Bresse
5%
687 25 Sainte-Marie
5%
88 58 Sainte-Marie
5%
928 21 Sainte-Marie-la-Blanche
5%
1232 71 Saint-Eusèbe
5%
2364 71 Saint-Germain-du-Plain
5%
288 71 Saint-Gilles
5%
1049 21 Saint-Jean-de-Losne
5%
392 71 Saint-Jean-de-Trézy
5%
405 71 Saint-Jean-de-Vaux
5%
1017 71 Saint-Laurent-d'Andenay
5%
1861 39 Saint-Laurent-en-Grandvaux
5%
1838 58 Saint-Léger-des-Vignes
5%
544 71 Saint-Léger-du-Bois
5%
467 39 Saint-Lothain
5%
3092 70 Saint-Loup-sur-Semouse
5%
286 71 Saint-Mard-de-Vaux
5%
105 71 Saint-Martin-de-Commune
5%
256 71 Saint-Martin-du-Lac
5%
1980 71 Saint-Martin-en-Bresse
5%
121 71 Saint-Martin-en-Gâtinois
5%
61 71 Saint-Martin-la-Patrouille
5%
233 39 Saint-Maurice-Crillat
5%
183 71 Saint-Maurice-lès-Couches
5%
380 89 Saint-Maurice-le-Vieil
5%
255 89 Saint-Maurice-Thizouaille
5%
124 71 Saint-Nizier-sur-Arroux
5%
142 58 Saint-Parize-en-Viry
5%
527 21 Saint-Philibert
5%
862 71 Saint-Pierre-de-Varennes
5%
1868 58 Saint-Pierre-le-Moûtier
5%
498 71 Saint-Romain-sous-Gourdon
5%
84 71 Saint-Romain-sous-Versigny
5%
196 58 Saint-Seine
5%
612 71 Saint-Sernin-du-Plain
5%
848 71 Saint-Symphorien-de-Marmagne
5%
430 71 Saint-Symphorien-des-Bois
5%
1362 21 Saint-Usage
5%
1285 71 Saint-Usuge
5%
1030 71 Saint-Vincent-Bragny
5%
106 71 Saint-Vincent-des-Prés
5%
585 71 Saint-Vincent-en-Bresse
5%
1176 71 Saint-Yan
5%
884 71 Salornay-sur-Guye
5%
1198 39 Sampans
5%
288 39 Santans
5%
924 21 Santenay
5%
138 71 Santilly
5%
411 39 Sapois
5%
198 25 Sarrageois
5%
229 39 Sarrogna
5%
1495 89 Seignelay
5%
734 39 Sellières
5%
2425 21 Selongey
5%
3009 71 Sennecey-le-Grand
5%
2122 21 Sennecey-lès-Dijon
5%
386 25 Septfontaines
5%
822 39 Septmoncel les Molunes
5%
541 39 Sirod
5%
371 71 Solutré-Pouilly
5%
378 89 Sommecaise
5%
180 39 Soucia
5%
501 39 Souvans
5%
268 71 Suin
5%
197 71 Taizé
5%
65 39 Thésy
5%
3048 25 Thise
5%
189 39 Thoiria
5%
1152 21 Til-Châtel
5%
1080 71 Tramayes
5%
94 71 Uchon
5%
62 39 Uxelles
5%
200 39 Valempoulières
5%
1803 89 Valravillon
5%
203 21 Val-Suzon
5%
478 39 Valzin en Petite Montagne
5%
228 39 Vannoz
5%
733 71 Varenne-Saint-Germain
5%
2380 71 Varennes-le-Grand
5%
368 39 Vaudrey
5%
632 70 Vauvillers
5%
646 25 Vaux-et-Chantegrue
5%
1775 25 Vercel-Villedieu-le-Camp
5%
198 39 Verges
5%
262 71 Vergisson
5%
58 71 Vérissey
5%
521 71 Verjux
5%
493 25 Vernierfontaine
5%
452 71 Verosvres
5%
98 39 Vertamboz
5%
310 39 Vevy
5%
511 21 Vielverge
5%
2904 25 Vieux-Charmont
5%
360 21 Viévy
5%
391 39 Villards-d'Héria
5%
405 21 Villebichot
5%
340 25 Ville-du-Pont
5%
169 89 Villenavotte
5%
259 89 Villeneuve-Saint-Salves
5%
1514 70 Villersexel
5%
687 39 Villers-Farlay
5%
1190 21 Villers-les-Pots
5%
236 39 Villers-Robert
5%
482 89 Villevallier
5%
116 89 Villy
5%
1442 71 Virey-le-Grand
5%
274 39 Vitreux
5%
1137 71 Vitry-en-Charollais
5%
1077 21 Vitteaux
5%
667 71 Volesvres
5%
167 21 Vougeot
5%
253 25 Abbans-Dessous
0%
303 25 Abbans-Dessus
0%
327 25 Abbenans
0%
1088 25 Abbévillers
0%
357 70 Abelcourt
0%
874 39 Abergement-la-Ronce
0%
62 39 Abergement-le-Grand
0%
50 39 Abergement-le-Petit
0%
56 39 Abergement-lès-Thésy
0%
214 70 Aboncourt-Gesincourt
0%
90 25 Accolans
0%
71 70 Achey
0%
159 58 Achun
0%
93 25 Adam-lès-Passavant
0%
111 25 Adam-lès-Vercel
0%
311 70 Adelans-et-le-Val-de-Bithaine
0%
509 21 Agencourt
0%
267 21 Agey
0%
469 25 Aibre
0%
272 21 Aignay-le-Duc
0%
80 89 Aigremont
0%
132 70 Aillevans
0%
1589 70 Aillevillers-et-Lyaumont
0%
311 70 Ailloncourt
0%
150 70 Ainvelle
0%
1483 21 Aiserey
0%
100 70 Aisey-et-Richecourt
0%
173 21 Aisey-sur-Seine
0%
237 21 Aisy-sous-Thil
0%
248 89 Aisy-sur-Armançon
0%
101 70 Alaincourt
0%
156 39 Alièze
0%
757 25 Allenjoie
0%
179 21 Allerey
0%
819 71 Allerey-sur-Saône
0%
1187 71 Allériot
0%
932 58 Alligny-Cosne
0%
608 58 Alligny-en-Morvan
0%
260 25 Allondans
0%
382 58 Alluy
0%
316 70 Amage
0%
947 25 Amagney
0%
666 70 Amance
0%
726 25 Amancey
0%
195 71 Amanzé
0%
170 25 Amathay-Vésigneux
0%
226 58 Amazy
0%
66 70 Ambiévillers
0%
420 70 Amblans-et-Velotte
0%
171 71 Ameugny
0%
276 70 Amoncourt
0%
93 25 Amondans
0%
165 70 Amont-et-Effreney
0%
83 21 Ampilly-les-Bordes
0%
356 21 Ampilly-le-Sec
0%
457 21 Ancey
0%
244 70 Anchenoncourt-et-Chazel
0%
520 70 Ancier
0%
155 89 Ancy-le-Libre
0%
146 70 Andelarre
0%
246 70 Andelarrot
0%
1186 90 Andelnans
0%
191 70 Andornay
0%
450 89 Andryes
0%
161 89 Angely
0%
361 90 Angeot
0%
151 70 Angirey
0%
155 71 Anglure-sous-Dun
0%
144 70 Anjeux
0%
604 90 Anjoutey
0%
245 58 Anlezy
0%
349 58 Annay
0%
367 89 Annay-la-Côte
0%
210 89 Annay-sur-Serein
0%
130 89 Annéot
0%
424 39 Annoire
0%
85 89 Annoux
0%
634 25 Anteuil
0%
172 58 Anthien
0%
90 21 Antigny-la-Ville
0%
514 71 Anzy-le-Duc
0%
395 25 Appenans
0%
454 70 Apremont
0%
244 70 Arbecey
0%
911 25 Arbouans
0%
127 58 Arbourse
0%
1004 21 Arceau
0%
523 21 Arcenant
0%
618 89 Arces-Dilo
0%
1520 25 Arcey
0%
54 21 Arcey
0%
222 39 Archelange
0%
961 25 Arçon
0%
230 21 Arconcey
0%
229 25 Arc-sous-Montenot
0%
481 89 Arcy-sur-Cure
0%
79 89 Argentenay
0%
221 89 Argenteuil-sur-Armançon
0%
548 90 Argiésans
0%
72 70 Argillières
0%
549 21 Argilly
0%
662 58 Arleuf
0%
776 89 Armeau
0%
288 58 Armes
0%
113 21 Arnay-sous-Vitteaux
0%
641 39 Aromas
0%
145 70 Aroz
0%
237 70 Arpenans
0%
584 58 Arquian
0%
68 21 Arrans
0%
48 70 Arsans
0%
104 39 Arsure-Arsurette
0%
349 71 Artaix
0%
97 58 Arthel
0%
152 89 Arthonnay
0%
66 58 Arzembouy
0%
122 58 Asnan
0%
757 39 Asnans-Beauvoisin
0%
198 21 Asnières-en-Montagne
0%
1338 21 Asnières-lès-Dijon
0%
115 89 Asnières-sous-Bois
0%
143 58 Asnois
0%
300 89 Asquins
0%
792 21 Athée
0%
654 70 Athesans-Étroitefontaine
0%
134 89 Athie
0%
78 21 Athie
0%
45 70 Attricourt
0%
89 21 Aubaine
0%
540 21 Aubigny-en-Plaine
0%
172 21 Aubigny-la-Ronce
0%
159 21 Aubigny-lès-Sombernon
0%
251 25 Aubonne
0%
273 39 Audelange
0%
437 25 Audeux
0%
269 39 Augea
0%
183 39 Augerans
0%
179 70 Augicourt
0%
194 39 Augisey
0%
1005 89 Augy
0%
157 70 Aulx-lès-Cromary
0%
386 39 Aumur
0%
232 58 Aunay-en-Bazois
0%
279 70 Autet
0%
45 58 Authiou
0%
320 70 Authoison
0%
287 71 Authumes
0%
369 70 Autoreille
0%
285 90 Autrechêne
0%
244 70 Autrey-lès-Cerre
0%
393 70 Autrey-lès-Gray
0%
100 70 Autrey-le-Vay
0%
134 21 Autricourt
0%
239 70 Auvet-et-la-Chapelotte
0%
340 21 Auvillars-sur-Saône
0%
203 39 Auxange
0%
82 21 Auxant
0%
455 90 Auxelles-Bas
0%
291 90 Auxelles-Haut
0%
307 21 Auxey-Duresses
0%
2261 25 Avanne-Aveney
0%
37 21 Avelanges
0%
164 25 Avilley
0%
100 21 Avosnes
0%
191 21 Avot
0%
86 58 Avrée
0%
426 70 Avrigney-Virey
0%
250 58 Avril-sur-Loire
0%
208 58 Azy-le-Vif
0%
821 25 Badevel
0%
205 89 Bagneaux
0%
163 21 Bagnot
0%
111 70 Baignes
0%
219 21 Baigneux-les-Juifs
0%
328 39 Balaiseaux
0%
363 39 Balanod
0%
101 21 Balot
0%
379 25 Bannans
0%
198 39 Bans
0%
556 71 Bantanges
0%
303 90 Banvillars
0%
66 89 Baon
0%
216 21 Barbirey-sur-Ouche
0%
72 21 Bard-le-Régulier
0%
70 21 Bard-lès-Époisses
0%
138 70 Bard-lès-Pesmes
0%
665 21 Barges
0%
100 70 Barges
0%
45 21 Barjon
0%
100 71 Barnay
0%
178 39 Barretaine
0%
59 25 Bartherans
0%
122 70 Bassigney
0%
48 25 Battenans-les-Mines
0%
79 25 Battenans-Varin
0%
243 70 Battrans
0%
215 21 Baubigny
0%
501 70 Baudoncourt
0%
517 71 Baugy
0%
318 70 Baulay
0%
514 39 Baverans
0%
176 58 Bazoches
0%
291 58 Bazolles
0%
170 58 Béard
0%
366 71 Beaubery
0%
943 70 Beaujeu-Saint-Vallier-Pierrejux-et-Quitteur
0%
150 58 Beaulieu
0%
28 21 Beaulieu
0%
641 89 Beaumont
0%
123 58 Beaumont-la-Ferrière
0%
121 58 Beaumont-Sardolles
0%
345 71 Beaumont-sur-Grosne
0%
203 21 Beaumont-sur-Vingeanne
0%
480 70 Beaumotte-Aubertans
0%
291 70 Beaumotte-lès-Pin
0%
14 21 Beaunotte
0%
107 71 Beauvernois
0%
406 89 Beauvoir
0%
81 39 Beffia
0%
478 89 Beine
0%
899 21 Beire-le-Châtel
0%
356 21 Beire-le-Fort
0%
250 21 Belan-sur-Ource
0%
86 70 Belfahy
0%
141 25 Belfays
0%
452 89 Bellechaume
0%
78 39 Bellecombe
0%
921 21 Bellefond
0%
527 39 Bellefontaine
0%
635 25 Belleherbe
0%
1629 21 Belleneuve
0%
69 21 Bellenod-sur-Seine
0%
224 21 Bellenot-sous-Pouilly
0%
297 71 Bellevesvre
0%
259 39 Belmont
0%
149 70 Belmont
0%
66 25 Belmont
0%
212 70 Belonchamp
0%
146 70 Belverne
0%
100 25 Belvoir
0%
95 21 Beneuvre
0%
110 21 Benoisey
0%
541 89 Béon
0%
553 25 Berche
0%
205 71 Bergesserin
0%
385 90 Bermont
0%
113 89 Bernouil
0%
363 25 Berthelange
0%
80 89 Béru
0%
711 71 Berzé-la-Ville
0%
60 71 Berzé-le-Châtel
0%
75 70 Besnans
0%
128 21 Bessey-en-Chaume
0%
52 21 Bessey-la-Cour
0%
695 21 Bessey-lès-Cîteaux
0%
1349 90 Bessoncourt
0%
191 89 Bessy-sur-Cure
0%
185 70 Betaucourt
0%
254 90 Bethonvilliers
0%
122 70 Betoncourt-lès-Brotte
0%
44 70 Betoncourt-Saint-Pancras
0%
27 70 Betoncourt-sur-Mance
0%
315 89 Beugnon
0%
59 70 Beulotte-Saint-Laurent
0%
106 21 Beurey-Bauguay
0%
123 21 Beurizot
0%
273 25 Beutal
0%
83 58 Beuvron
0%
86 70 Beveuge
0%
140 21 Bévy
0%
192 21 Bézouotte
0%
723 25 Bians-les-Usiers
0%
422 39 Biarne
0%
294 58 Biches
0%
71 39 Bief-des-Maisons
0%
106 39 Biefmorin
0%
167 89 Bierry-les-Belles-Fontaines
0%
255 21 Billey
0%
300 58 Billy-Chevannes
0%
70 21 Billy-lès-Chanceaux
0%
364 58 Billy-sur-Oisy
0%
132 21 Bissey-la-Côte
0%
78 21 Bissey-la-Pierre
0%
207 71 Bissy-la-Mâconnaise
0%
70 71 Bissy-sous-Uxelles
0%
310 58 Bitry
0%
100 89 Blacy
0%
130 21 Blagny-sur-Vingeanne
0%
653 21 Blaisy-Bas
0%
128 21 Blaisy-Haut
0%
60 21 Blancey
0%
182 71 Blanot
0%
124 21 Blanot
0%
58 25 Blarians
0%
290 89 Bleigny-le-Carreau
0%
1184 89 Bléneau
0%
147 21 Bligny-le-Sec
0%
191 58 Blismes
0%
243 70 Blondefontaine
0%
86 25 Blussangeaux
0%
193 25 Blussans
0%
346 89 Bœurs-en-Othe
0%
1693 39 Bois-d'Amont
0%
23 89 Bois-d'Arcy
0%
57 39 Bois-de-Gand
0%
191 71 Bois-Sainte-Marie
0%
299 58 Bona
0%
201 70 Bonboillon
0%
285 21 Boncourt-le-Bois
0%
481 25 Bondeval
0%
254 39 Bonlieu
0%
21 25 Bonnal
0%
893 89 Bonnard
0%
442 21 Bonnencontre
0%
1005 25 Bonnétage
0%
415 25 Bonnevaux
0%
381 70 Bonnevent-Velloreille
0%
224 70 Borey
0%
185 39 Bornay
0%
497 90 Boron
0%
296 71 Bosjean
0%
251 90 Botans
0%
1089 25 Bouclans
0%
64 21 Boudreville
0%
95 70 Bougey
0%
527 70 Bougnon
0%
241 70 Bouhans-et-Feurg
0%
313 70 Bouhans-lès-Lure
0%
126 70 Bouhans-lès-Montbozon
0%
47 21 Bouhey
0%
471 58 Bouhy
0%
233 21 Bouilland
0%
154 21 Bouix
0%
411 70 Bouligney
0%
660 70 Boulot
0%
705 70 Boult
0%
408 21 Bourberain
0%
75 70 Bourbévelle
0%
95 39 Bourg-de-Sirod
0%
177 71 Bourg-le-Comte
0%
125 90 Bourg-sous-Châtelet
0%
911 25 Bourguignon
0%
152 70 Bourguignon-lès-Conflans
0%
116 70 Bourguignon-lès-la-Charité
0%
46 70 Bourguignon-lès-Morey
0%
356 71 Bourgvilain
0%
192 25 Bournois
0%
64 70 Boursières
0%
49 21 Bousselange
0%
107 21 Boussenois
0%
47 70 Bousseraucourt
0%
41 21 Boussey
0%
128 21 Boux-sous-Salmaise
0%
311 21 Bouze-lès-Beaune
0%
738 71 Boyer
0%
710 71 Bragny-sur-Saône
0%
210 25 Braillans
0%
34 21 Brain
0%
178 39 Brainans
0%
446 89 Branches
0%
798 89 Brannay
0%
182 25 Branne
0%
627 58 Brassy
0%
169 21 Braux
0%
128 71 Bray
0%
143 21 Brazey-en-Morvan
0%
407 90 Brebotte
0%
93 25 Breconchaux
0%
100 25 Bremondans
0%
42 21 Brémur-et-Vaurois
0%
69 25 Brères
0%
182 70 Bresilley
0%
1147 21 Bressey-sur-Tille
0%
291 90 Bretagne
0%
937 21 Bretenière
0%
45 39 Bretenières
0%
76 25 Bretigney
0%
119 25 Bretigney-Notre-Dame
0%
929 21 Bretigny
0%
660 70 Breuches
0%
308 70 Breuchotte
0%
161 58 Breugnon
0%
651 70 Breurey-lès-Faverney
0%
705 39 Brevans
0%
234 58 Brèves
0%
650 70 Brevilliers
0%
165 25 Brey-et-Maison-du-Bois
0%
112 21 Brianny
0%
230 71 Briant
0%
243 70 Briaucourt
0%
480 71 Brienne
0%
3215 89 Brienon-sur-Armançon
0%
147 58 Brinay
0%
172 58 Brinon-sur-Beuvron
0%
211 39 Briod
0%
223 21 Brion-sur-Ource
0%
490 25 Brognard
0%
322 21 Brognon
0%
416 21 Broin
0%
195 21 Broindon
0%
62 39 Broissia
0%
308 89 Brosses
0%
210 70 Brotte-lès-Luxeuil
0%
78 70 Brotte-lès-Ray
0%
510 70 Broye-Aubigney-Montseugny
0%
127 70 Broye-les-Loups-et-Verfontaine
0%
287 70 Brussey
0%
601 70 Bucey-lès-Gy
0%
139 70 Bucey-lès-Traves
0%
191 25 Buffard
0%
278 71 Buffières
0%
111 70 Buffignécourt
0%
158 21 Buffon
0%
248 25 Bugny
0%
142 58 Bulcy
0%
486 25 Bulle
0%
371 21 Buncey
0%
134 21 Bure-les-Templiers
0%
587 25 Burgille
0%
120 71 Burgy
0%
124 71 Burnand
0%
51 25 Burnevillers
0%
50 21 Busseaut
0%
25 21 Busserotte-et-Montenaille
0%
611 71 Bussières
0%
447 70 Bussières
0%
122 89 Bussières
0%
44 21 Bussières
0%
716 89 Bussy-en-Othe
0%
78 21 Bussy-la-Pesle
0%
53 58 Bussy-la-Pesle
0%
466 89 Bussy-le-Repos
0%
309 70 Buthiers
0%
248 89 Butteaux
0%
38 21 Buxerolles
0%
614 25 Byans-sur-Doubs
0%
68 25 Cademène
0%
280 70 Calmoutier
0%
366 89 Carisey
0%
178 70 Cemboing
0%
135 70 Cenans
0%
206 70 Cendrecourt
0%
196 25 Cendrey
0%
183 21 Censerey
0%
57 89 Censy
0%
1721 58 Cercy-la-Tour
0%
226 21 Cérilly
0%
43 89 Cérilly
0%
995 89 Cerisiers
0%
148 39 Cernans
0%
320 25 Cernay-l'Église
0%
236 39 Cernon
0%
271 71 Céron
0%
241 70 Cerre-lès-Noroy
0%
147 71 Cersot
0%
654 58 Cervon
0%
400 39 Cesancey
0%
335 25 Cessey
0%
618 21 Cessey-sur-Tille
0%
119 58 Cessy-les-Bois
0%
1126 89 Cézy
0%
1050 25 Chaffois
0%
627 70 Chagey
0%
524 21 Chaignay
0%
529 89 Chailley
0%
261 21 Chailly-sur-Armançon
0%
191 39 Chaînée-des-Coupis
0%
575 71 Chaintré
0%
85 58 Chalaux
0%
377 25 Chalèze
0%
1349 25 Chalezeule
0%
47 58 Challement
0%
1655 58 Challuy
0%
648 71 Chalmoux
0%
1274 70 Châlonvillars
0%
21 21 Chambain
0%
402 21 Chambeire
0%
189 39 Chambéria
0%
513 71 Chambilly
0%
530 21 Chamblanc
0%
399 21 Chambœuf
0%
287 21 Chambolle-Musigny
0%
198 70 Chambornay-lès-Bellevaux
0%
365 70 Chambornay-lès-Pin
0%
146 25 Chamesey
0%
396 25 Chamesol
0%
249 21 Chamesson
0%
150 71 Chamilly
0%
168 39 Chamole
0%
103 89 Chamoux
0%
481 71 Champagnat
0%
127 39 Champagne-sur-Loue
0%
318 21 Champagne-sur-Vingeanne
0%
3790 70 Champagney
0%
474 39 Champagney
0%
281 25 Champagney
0%
26 21 Champagny
0%
92 71 Champagny-sous-Uxelles
0%
49 58 Champallement
0%
307 89 Champcevrais
0%
448 39 Champdivers
0%
103 21 Champ-d'Oiseau
0%
601 21 Champdôtre
0%
227 21 Champeau-en-Morvan
0%
880 70 Champey
0%
953 89 Champignelles
0%
77 21 Champignolles
0%
2146 89 Champigny
0%
739 89 Champlay
0%
333 58 Champlemy
0%
41 58 Champlin
0%
252 25 Champlive
0%
802 89 Champlost
0%
89 25 Champoux
0%
37 21 Champrenault
0%
107 39 Champrougier
0%
1669 89 Champs-sur-Yonne
0%
88 70 Champtonnay
0%
331 25 Champvans-les-Moulins
0%
766 58 Champvert
0%
298 58 Champvoux
0%
217 21 Chanceaux
0%
201 70 Chancey
0%
230 39 Chancia
0%
543 71 Chânes
0%
1127 58 Chantenay-Saint-Imbert
0%
111 70 Chantes
0%
404 25 Chantrans
0%
271 25 Chapelle-des-Bois
0%
540 25 Chapelle-d'Huin
0%
611 39 Chapelle-Voland
0%
224 39 Chapois
0%
254 71 Charbonnat
0%
1915 89 Charbuy
0%
317 70 Charcenne
0%
293 39 Charchilla
0%
205 71 Chardonnay
0%
39 21 Charencey
0%
58 39 Charency
0%
288 89 Charentenay
0%
459 71 Charette-Varennes
0%
771 70 Chargey-lès-Gray
0%
241 70 Chargey-lès-Port
0%
207 70 Chariez
0%
38 21 Charigny
0%
285 25 Charmauvillers
0%
126 21 Charmes
0%
34 70 Charmes-Saint-Valbert
0%
502 70 Charmoille
0%
328 25 Charmoille
0%
38 39 Charnod
0%
2840 25 Charquemont
0%
345 21 Charrey-sur-Saône
0%
140 21 Charrey-sur-Seine
0%
126 58 Chasnay
0%
114 25 Chassagne-Saint-Denis
0%
1149 39 Chassal-Molinges
0%
174 71 Chasselas
0%
363 71 Chassey-le-Camp
0%
223 70 Chassey-lès-Montbozon
0%
127 70 Chassey-lès-Scey
0%
308 89 Chassignelles
0%
566 71 Chassigny-sous-Dun
0%
139 89 Chastellux-sur-Cure
0%
506 58 Châteauneuf-Val-de-Bargis
0%
10 25 Châteauvieux-les-Fossés
0%
106 39 Chatelay
0%
115 25 Châtelblanc
0%
585 89 Châtel-Censoir
0%
213 89 Châtel-Gérard
0%
161 21 Châtellenot
0%
134 39 Châtelneuf
0%
173 71 Châtenay
0%
70 70 Châteney
0%
420 39 Châtenois
0%
123 70 Châtenois
0%
2675 90 Châtenois-les-Forges
0%
928 58 Châtillon-en-Bazois
0%
146 25 Châtillon-Guyotte
0%
512 25 Chaucenne
0%
1148 71 Chaudenay
0%
44 21 Chaudenay-la-Ville
0%
49 21 Chaudenay-le-Château
0%
19 21 Chaugey
0%
1531 58 Chaulgnes
0%
206 58 Chaumard
0%
185 21 Chaume-et-Courchamp
0%
102 21 Chaume-lès-Baigneux
0%
193 70 Chaumercenne
0%
83 21 Chaumont-le-Bois
0%
715 89 Chaumot
0%
167 58 Chaumot
0%
110 39 Chaussenans
0%
131 70 Chauvirey-le-Châtel
0%
34 70 Chauvirey-le-Vieil
0%
73 39 Chaux-Champagny
0%
502 70 Chaux-la-Lotière
0%
128 25 Chaux-lès-Passavant
0%
171 70 Chaux-lès-Port
0%
332 25 Chaux-Neuve
0%
141 90 Chavanatte
0%
226 70 Chavanne
0%
344 90 Chavannes-les-Grands
0%
234 39 Chavéria
0%
194 21 Chazeuil
0%
58 58 Chazeuil
0%
146 21 Chazilly
0%
119 25 Chazot
0%
573 71 Cheilly-lès-Maranges
0%
2107 25 Chemaudin et Vaux
0%
40 39 Chemenot
0%
87 70 Chemilly
0%
146 89 Chemilly-sur-Serein
0%
930 89 Chemilly-sur-Yonne
0%
71 21 Chemin-d'Aisey
0%
374 71 Chenay-le-Châtel
0%
78 39 Chêne-Bernard
0%
713 70 Chenebier
0%
516 25 Chenecey-Buillon
0%
39 39 Chêne-Sec
0%
326 70 Chenevrey-et-Morogne
0%
235 89 Cheney
0%
2333 89 Cheny
0%
20 71 Chérizet
0%
1728 89 Chéroy
0%
564 89 Chéu
0%
128 21 Cheuge
0%
609 71 Chevagny-les-Chevrières
0%
57 71 Chevagny-sur-Guye
0%
37 21 Chevannay
0%
2233 89 Chevannes
0%
171 21 Chevannes
0%
144 58 Chevannes-Changy
0%
633 58 Chevenon
0%
35 70 Chevigney
0%
139 25 Chevigney-lès-Vercel
0%
293 25 Chevigney-sur-l'Ognon
0%
395 21 Chevigny-en-Valière
0%
130 39 Chevreaux
0%
1609 90 Chèvremont
0%
130 58 Chevroches
0%
34 39 Chevrotaine
0%
134 25 Chevroz
0%
312 89 Chichée
0%
479 89 Chichery
0%
355 58 Chiddes
0%
91 71 Chiddes
0%
274 71 Chissey-en-Morvan
0%
235 71 Chissey-lès-Mâcon
0%
319 39 Chissey-sur-Loue
0%
350 89 Chitry
0%
222 58 Chitry-les-Mines
0%
298 21 Chivres
0%
648 21 Chorey-les-Beaune
0%
81 58 Chougny
0%
275 25 Chouzelot
0%
514 70 Choye
0%
380 58 Ciez
0%
98 70 Cintrey
0%
373 70 Cirey
0%
187 21 Cirey-lès-Pontailler
0%
807 70 Citers
0%
112 70 Citey
0%
126 21 Civry-en-Montagne
0%
53 58 Cizely
0%
362 70 Clairegoutte
0%
178 21 Clamerey
0%
106 70 Clans
0%
916 21 Clénay
0%
894 71 Clessé
0%
136 21 Clomot
0%
77 39 Clucy
0%
319 71 Clux-Villeneuve
0%
90 70 Cognières
0%
57 39 Coiserette
0%
331 70 Coisevaux
0%
167 89 Collan
0%
685 89 Collemiers
0%
152 71 Collonge-en-Charollais
0%
48 71 Collonge-la-Madeleine
0%
1077 21 Collonges-et-Premières
0%
96 21 Collonges-lès-Bévy
0%
275 58 Colméry
0%
477 70 Colombe-lès-Vesoul
0%
319 71 Colombier-en-Brionnais
0%
83 70 Colombotte
0%
264 39 Colonne
0%
155 70 Comberjon
0%
540 21 Combertault
0%
624 21 Comblanchien
0%
125 21 Commarin
0%
912 39 Commenailles
0%
202 89 Compigny
0%
468 71 Condal
0%
259 39 Condamine
0%
117 39 Condes
0%
363 70 Conflandey
0%
612 70 Conflans-sur-Lanterne
0%
226 70 Confracourt
0%
32 25 Consolation-Maisonnettes
0%
57 39 Conte
0%
120 70 Contréglise
0%
288 58 Corancy
0%
1285 70 Corbenay
0%
442 21 Corberon
0%
1493 58 Corbigny
0%
106 25 Corcelle-Mieslot
0%
218 25 Corcelles-Ferrières
0%
460 21 Corcelles-les-Arts
0%
837 21 Corcelles-lès-Cîteaux
0%
145 25 Corcondray
0%
196 71 Cordesse
0%
145 70 Cordonnet
0%
381 21 Corgengoux
0%
220 21 Cormot-Vauchignon
0%
367 89 Cornant
0%
138 70 Cornot
0%
991 21 Corpeau
0%
34 21 Corpoyer-la-Chapelle
0%
183 70 Corravillers
0%
261 21 Corrombles
0%
151 21 Corsaint
0%
249 71 Cortambert
0%
257 71 Cortevaix
0%
99 58 Corvol-d'Embernard
0%
742 58 Corvol-l'Orgueilleux
0%
363 39 Cosges
0%
701 58 Cossaye
0%
90 25 Côtebrune
0%
865 71 Coublanc
0%
218 89 Coulangeron
0%
814 89 Coulanges-la-Vineuse
0%
521 89 Coulanges-sur-Yonne
0%
170 70 Coulevon
0%
245 21 Coulmier-le-Sec
0%
138 89 Coulours
0%
199 58 Couloutre
0%
146 21 Courban
0%
46 39 Courbette
0%
131 21 Courcelles-Frémoy
0%
88 21 Courcelles-lès-Montbard
0%
1430 25 Courcelles-lès-Montbéliard
0%
246 21 Courcelles-lès-Semur
0%
236 25 Courchapon
0%
450 70 Courchaton
0%
134 70 Courcuire
0%
574 89 Courgenay
0%
269 89 Courgis
0%
80 21 Courlon
0%
1209 89 Courlon-sur-Yonne
0%
136 70 Courmont
0%
152 25 Cour-Saint-Maurice
0%
937 89 Courson-les-Carrières
0%
259 39 Courtefontaine
0%
246 25 Courtefontaine
0%
389 90 Courtelevant
0%
60 70 Courtesoult-et-Gatey
0%
92 25 Courtetain-et-Salans
0%
166 21 Courtivron
0%
32 89 Courtoin
0%
806 89 Courtois-sur-Yonne
0%
142 89 Coutarnoux
0%
740 70 Couthenans
0%
65 39 Coyrière
0%
74 39 Coyron
0%
419 89 Crain
0%
535 39 Cramans
0%
79 39 Crans
0%
1989 90 Cravanche
0%
543 21 Créancey
0%
130 21 Crécey-sur-Tille
0%
3227 71 Crêches-sur-Saône
0%
242 39 Crenans
0%
83 71 Créot
0%
325 21 Crépand
0%
186 70 Cresancey
0%
376 39 Cressia
0%
259 70 Crevans-et-la-Chapelle-lès-Granges
0%
53 70 Creveney
0%
176 90 Croix
0%
255 70 Cromary
0%
531 71 Cronat
0%
153 25 Crosey-le-Grand
0%
126 25 Crosey-le-Petit
0%
714 39 Crotenay
0%
122 25 Crouzet-Migette
0%
172 21 Crugey
0%
407 58 Crux-la-Ville
0%
327 71 Cruzille
0%
234 89 Cruzy-le-Châtel
0%
169 89 Cry
0%
157 25 Cubrial
0%
97 25 Cubry
0%
188 70 Cubry-lès-Faverney
0%
369 89 Cudot
0%
210 70 Cugney
0%
1855 71 Cuiseaux
0%
187 21 Cuiserey
0%
109 21 Culètre
0%
209 71 Culles-les-Roches
0%
233 70 Cult
0%
128 58 Cuncy-lès-Varzy
0%
347 90 Cunelières
0%
314 71 Curbigny
0%
331 71 Curdin
0%
136 21 Curley
0%
116 21 Curtil-Saint-Seine
0%
91 71 Curtil-sous-Buffières
0%
78 25 Cusance
0%
299 25 Cuse-et-Adrisans
0%
146 21 Cussey-les-Forges
0%
71 25 Cussey-sur-Lison
0%
1068 25 Cussey-sur-l'Ognon
0%
382 71 Cussy-en-Morvan
0%
41 21 Cussy-la-Colonne
0%
122 21 Cussy-le-Châtel
0%
334 89 Cussy-les-Forges
0%
136 70 Cuve
0%
889 89 Cuy
0%
508 25 Dambelin
0%
773 25 Dambenois
0%
277 70 Dambenoît-lès-Colombe
0%
568 71 Damerey
0%
190 25 Dammartin-les-Templiers
0%
353 39 Dammartin-Marpain
0%
175 71 Dampierre-en-Bresse
0%
65 21 Dampierre-en-Montagne
0%
132 21 Dampierre-et-Flée
0%
1609 25 Dampierre-les-Bois
0%
254 70 Dampierre-lès-Conflans
0%
448 58 Dampierre-sous-Bouhy
0%
460 25 Dampierre-sur-le-Doubs
0%
809 70 Dampierre-sur-Linotte
0%
173 25 Dampjoux
0%
1877 25 Damprichard
0%
120 70 Dampvalley-lès-Colombe
0%
43 70 Dampvalley-Saint-Pancras
0%
87 39 Darbonnay
0%
349 21 Darcey
0%
508 21 Darois
0%
1406 25 Dasle
0%
812 71 Davayé
0%
208 70 Delain
0%
630 25 Deluz
0%
278 70 Demangevelle
0%
155 70 Denèvre
0%
309 71 Dennevy
0%
786 90 Denney
0%
744 25 Désandans
0%
349 25 Déservillers
0%
142 21 Détain-et-Bruant
0%
89 71 Dettey
0%
1295 89 Deux Rivières
0%
506 58 Devay
0%
1379 25 Devecey
0%
322 71 Devrouze
0%
174 71 Dezize-lès-Maranges
0%
97 21 Diancey
0%
360 71 Diconne
0%
386 21 Diénay
0%
92 58 Diennes-Aubigny
0%
1120 89 Diges
0%
375 39 Digna
0%
115 58 Dirol
0%
125 89 Dissangis
0%
926 89 Dixmont
0%
317 89 Dollot
0%
814 89 Domats
0%
393 89 Domecy-sur-Cure
0%
88 89 Domecy-sur-le-Vault
0%
781 25 Dommartin
0%
164 58 Dommartin
0%
815 71 Dommartin-lès-Cuiseaux
0%
206 21 Dompierre-en-Morvan
0%
912 71 Dompierre-les-Ormes
0%
192 58 Dompierre-sur-Nièvre
0%
186 25 Domprel
0%
163 71 Donzy-le-Pertuis
0%
818 90 Dorans
0%
477 58 Dornecy
0%
319 39 Doucier
0%
140 39 Dournon
0%
106 39 Doye
0%
201 21 Drambon
0%
30 39 Dramelay
0%
63 21 Drée
0%
272 89 Druyes-les-Belles-Fontaines
0%
311 58 Druy-Parigny
0%
54 21 Duesme
0%
637 25 Dung
0%
359 58 Dun-les-Places
0%
146 58 Dun-sur-Grandry
0%
193 25 Durnes
0%
208 89 Dyé
0%
342 71 Dyo
0%
258 21 Ébaty
0%
98 21 Échalot
0%
143 21 Échannay
0%
203 70 Échavanne
0%
129 25 Échay
0%
165 25 Échenans
0%
571 70 Échenans-sous-Mont-Vaudois
0%
785 21 Échenon
0%
3303 70 Échenoz-la-Méline
0%
295 70 Échenoz-le-Sec
0%
324 21 Échevannes
0%
88 25 Échevannes
0%
312 21 Échevronne
0%
307 21 Échigey
0%
389 39 Éclans-Nenon
0%
499 25 Écot
0%
85 39 Écrille
0%
157 70 Écromagny
0%
66 70 Écuelle
0%
263 71 Écuelles
0%
273 25 Écurcey
0%
77 21 Écutigny
0%
459 89 Égleny
0%
1393 89 Égriselles-le-Bocage
0%
278 90 Eguenigue
0%
69 21 Éguilly
0%
226 70 Éhuns
0%
982 90 Éloie
0%
613 25 Émagny
0%
87 58 Empury
0%
751 58 Entrains-sur-Nohain
0%
150 39 Entre-deux-Monts
0%
323 21 Épagny
0%
172 25 Épenouse
0%
178 21 Épernay-sous-Gevrey
0%
62 71 Épertully
0%
608 25 Épeugney
0%
752 89 Épineau-les-Voves
0%
549 89 Épineuil
0%
241 58 Epiry
0%
125 70 Équevilley
0%
60 21 Éringes
0%
253 70 Errevet
0%
688 21 Esbarres
0%
469 70 Esboz-Brest
0%
912 89 Escamps
0%
720 89 Escolives-Sainte-Camille
0%
98 70 Esmoulières
0%
137 70 Esmoulins
0%
64 25 Esnans
0%
402 89 Esnon
0%
749 70 Esprels
0%
85 21 Essarois
0%
481 71 Essertenne
0%
411 70 Essertenne-et-Cecey
0%
123 39 Esserval-Tartre
0%
311 21 Essey
0%
80 21 Étais
0%
638 89 Étais-la-Sauvin
0%
133 21 Étalante
0%
400 89 Étaule
0%
352 21 Étaules
0%
331 25 Éternoz
0%
321 21 Étevaux
0%
197 89 Étivey
0%
292 70 Étobon
0%
70 21 Étormay
0%
844 25 Étouvans
0%
188 25 Étrabonne
0%
218 25 Étrappe
0%
285 25 Étray
0%
85 70 Étrelles-et-la-Montbleuse
0%
441 39 Étrepigney
0%
223 21 Étrochey
0%
1444 90 Étueffont
0%
2090 90 Évette-Salbert
0%
396 25 Évillers
0%
396 89 Évry
0%
122 25 Eysson
0%
104 58 Fâchin
0%
102 70 Fahy-lès-Autrey
0%
101 25 Faimbe
0%
290 21 Fain-lès-Montbard
0%
154 21 Fain-lès-Moutiers
0%
296 25 Fallerans
0%
414 39 Falletans
0%
314 70 Fallon
0%
221 71 Farges-lès-Mâcon
0%
480 70 Faucogney-et-la-Mer
0%
630 21 Fauverney
0%
996 70 Faverney
0%
587 90 Faverois
0%
30 21 Faverolles-lès-Lucey
0%
88 39 Fay-en-Montagne
0%
265 70 Faymont
0%
771 90 Fêche-l'Église
0%
101 70 Fédry
0%
243 90 Felon
0%
1713 21 Fénay
0%
181 25 Ferrières-le-Lac
0%
327 25 Ferrières-les-Bois
0%
36 70 Ferrières-lès-Ray
0%
135 70 Ferrières-lès-Scey
0%
307 25 Fertans
0%
97 58 Fertrève
0%
2197 25 Fesches-le-Châtel
0%
159 25 Fessevillers
0%
92 89 Festigny
0%
183 25 Feule
0%
232 70 Filain
0%
200 21 Flacey
0%
418 71 Flacey-en-Bresse
0%
114 89 Flacy
0%
146 25 Flagey
0%
514 21 Flagey-Echézeaux
0%
194 21 Flagey-lès-Auxonne
0%
122 25 Flagey-Rigney
0%
182 71 Flagy
0%
143 70 Flagy
0%
459 21 Flammerans
0%
219 21 Flavignerot
0%
95 58 Fléty
0%
471 70 Fleurey-lès-Faverney
0%
102 70 Fleurey-lès-Lavoncourt
0%
140 70 Fleurey-lès-Saint-Loup
0%
520 71 Fleurville
0%
724 71 Fleury-la-Montagne
0%
1112 89 Fleury-la-Vallée
0%
230 58 Fleury-sur-Loire
0%
179 89 Fleys
0%
134 58 Flez-Cuzy
0%
969 89 Flogny-la-Chapelle
0%
455 90 Florimont
0%
167 21 Foissy
0%
124 89 Foissy-lès-Vézelay
0%
293 89 Foissy-sur-Vanne
0%
135 21 Foncegrive
0%
205 70 Fondremand
0%
215 39 Fontainebrux
0%
527 89 Fontaine-la-Gaillarde
0%
280 25 Fontaine-lès-Clerval
0%
1351 70 Fontaine-lès-Luxeuil
0%
121 21 Fontaines-en-Duesmois
0%
25 21 Fontaines-les-Sèches
0%
144 21 Fontangy
0%
54 71 Fontenay
0%
149 89 Fontenay-près-Chablis
0%
141 89 Fontenay-près-Vézelay
0%
73 89 Fontenay-sous-Fouronnes
0%
171 21 Fontenelle
0%
131 90 Fontenelle
0%
87 25 Fontenelle-Montby
0%
131 70 Fontenois-la-Ville
0%
351 70 Fontenois-lès-Montbozon
0%
64 25 Fontenotte
0%
307 89 Fontenoy
0%
78 39 Fontenu
0%
107 21 Forléans
0%
117 70 Fouchécourt
0%
507 89 Fouchères
0%
81 39 Foulenay
0%
182 25 Fourbanne
0%
117 25 Fourcatier-et-Maison-Neuve
0%
120 89 Fournaudin
0%
362 25 Fournet-Blancheroche
0%
753 25 Fournets-Luisans
0%
178 89 Fouronnes
0%
648 58 Fours
0%
935 90 Foussemagne
0%
213 70 Fouvent-Saint-Andoche
0%
1519 71 Fragnes-La Loyère
0%
1414 70 Frahier-et-Chatebier
0%
67 21 Fraignot-et-Vesvrotte
0%
244 90 Frais
0%
1206 39 Fraisans
0%
914 25 Frambouhans
0%
184 70 Framont
0%
121 70 Francalmont
0%
478 70 Franchevelle
0%
288 21 Francheville
0%
52 39 Francheville
0%
101 70 Francourt
0%
273 25 Franey
0%
675 71 Frangy-en-Bresse
0%
507 21 Franxault
0%
81 58 Frasnay-Reugny
0%
324 70 Frasne-le-Château
0%
116 39 Frasne-les-Meulières
0%
388 39 Frébuans
0%
267 70 Frédéric-Fontaine
0%
89 21 Frénois
0%
506 70 Fresne-Saint-Mamès
0%
721 70 Fresse
0%
760 70 Fretigney-et-Velloreille
0%
298 71 Fretterans
0%
2032 70 Froideconche
0%
480 90 Froidefontaine
0%
374 70 Froideterre
0%
163 21 Frôlois
0%
212 71 Frontenard
0%
740 71 Frontenaud
0%
164 39 Frontenay
0%
704 70 Frotey-lès-Lure
0%
388 71 Fuissé
0%
132 89 Fulvy
0%
124 21 Fussey
0%
219 58 Gâcogne
0%
436 58 Garchy
0%
370 39 Gatey
0%
256 25 Gellin
0%
85 25 Gémonval
0%
377 21 Genay
0%
1328 25 Geneuille
0%
162 70 Genevreuille
0%
249 70 Genevrey
0%
123 25 Geney
0%
701 25 Gennes
0%
75 39 Genod
0%
45 70 Georfans
0%
44 39 Geraise
0%
119 21 Gergueil
0%
444 21 Gerland
0%
116 25 Germéfontaine
0%
132 58 Germenay
0%
774 58 Germigny-sur-Loire
0%
130 71 Germolles-sur-Grosne
0%
63 25 Germondans
0%
181 39 Geruge
0%
495 70 Gevigney-et-Mercey
0%
131 25 Gevresin
0%
176 21 Gevrolles
0%
218 70 Gézier-et-Fontenelay
0%
597 71 Gibles
0%
94 58 Gien-sur-Cure
0%
557 71 Gigny-sur-Saône
0%
475 71 Gilly-sur-Loire
0%
450 58 Gimouille
0%
35 70 Girefontaine
0%
172 89 Girolles
0%
191 58 Giry
0%
108 21 Gissey-le-Vieil
0%
89 21 Gissey-sous-Flavigny
0%
363 21 Gissey-sur-Ouche
0%
590 89 Gisy-les-Nobles
0%
235 39 Gizia
0%
206 25 Glamondans
0%
48 89 Gland
0%
273 21 Glanon
0%
342 25 Glay
0%
193 25 Glère
0%
91 58 Glux-en-Glenne
0%
124 21 Gomméville
0%
78 25 Gondenans-les-Moulins
0%
170 25 Gondenans-Montby
0%
579 25 Gonsans
0%
120 25 Gouhelans
0%
376 70 Gouhenans
0%
175 58 Gouloux
0%
158 25 Goumois
0%
191 70 Gourgeon
0%
282 25 Goux-lès-Dambelin
0%
794 25 Goux-les-Usiers
0%
63 25 Goux-sous-Landet
0%
69 70 Grammont
0%
266 21 Grancey-le-Château-Neuvelle
0%
194 21 Grancey-sur-Ource
0%
49 70 Grandecourt
0%
1826 25 Grandfontaine
0%
77 25 Grandfontaine-sur-Creuse
0%
92 71 Grandvaux
0%
395 70 Grandvelle-et-le-Perrenot
0%
37 39 Grange-de-Vaivre
0%
563 71 Granges
0%
189 70 Granges-la-Ville
0%
387 70 Granges-le-Bourg
0%
1339 25 Granges-Narboz
0%
217 70 Grattery
0%
133 39 Gredisans
0%
216 21 Grenant-lès-Sombernon
0%
97 58 Grenois
0%
148 21 Grésigny-Sainte-Reine
0%
28 71 Grevilly
0%
212 21 Grignon
0%
120 89 Grimault
0%
90 21 Griselles
0%
1315 89 Gron
0%
115 21 Grosbois-en-Montagne
0%
73 21 Grosbois-lès-Tichey
0%
525 90 Grosmagny
0%
337 90 Grosne
0%
218 71 Guerfand
0%
2568 58 Guérigny
0%
112 25 Guillon-les-Bains
0%
751 89 Guillon-Terre-Plaine
0%
237 58 Guipy
0%
29 21 Gurgy-la-Ville
0%
46 21 Gurgy-le-Château
0%
462 89 Gy-l'Évêque
0%
452 70 Haut-du-Them-Château-Lambert
0%
203 39 Hautecour
0%
218 71 Hautefond
0%
397 89 Hauterive
0%
229 25 Hauterive-la-Fresse
0%
264 70 Hautevelle
0%
1245 21 Hauteville-lès-Dijon
0%
329 21 Heuilley-sur-Saône
0%
1196 25 Houtaud
0%
101 25 Huanne-Montmartin
0%
129 70 Hugier
0%
352 71 Huilly-sur-Seille
0%
46 70 Hurecourt
0%
214 25 Hyémondans
0%
119 70 Hyet
0%
200 25 Hyèvre-Paroisse
0%
898 71 Igé
0%
534 71 Igornay
0%
1008 71 Iguerande
0%
274 25 Indevillers
0%
101 58 Isenay
0%
193 89 Island
0%
242 25 Issans
0%
60 39 Ivrey
0%
919 21 Izeure
0%
803 21 Izier
0%
70 58 Jailly
0%
77 21 Jailly-les-Moulins
0%
321 21 Jallanges
0%
271 25 Jallerange
0%
410 71 Jalogny
0%
145 21 Jancigny
0%
203 70 Jasney
0%
579 89 Jaulges
0%
263 39 Jeurre
0%
53 21 Jeux-lès-Bard
0%
120 70 Jonvelle
0%
26 89 Jouancy
0%
374 71 Joudes
0%
186 21 Jouey
0%
76 21 Jours-lès-Baigneux
0%
446 71 Jouvençon
0%
1170 89 Joux-la-Ville
0%
523 89 Jouy
0%
329 71 Jugy
0%
49 21 Juillenay
0%
41 21 Juilly
0%
68 89 Junay
0%
33 70 La Basse-Vaivre
0%
247 89 La Belliole
0%
379 21 Labergement-Foigney
0%
337 21 Labergement-lès-Auxonne
0%
1014 21 Labergement-lès-Seurre
0%
1253 25 Labergement-Sainte-Marie
0%
69 39 La Boissière
0%
75 25 La Bosse
0%
93 71 La Boulaye
0%
225 39 La Bretenière
0%
72 25 La Bretenière
0%
230 21 Labruyère
0%
211 70 La Bruyère
0%
500 21 Lacanche
0%
480 71 La Celle-en-Morvan
0%
833 89 La Celle-Saint-Cyr
0%
815 58 La Celle-sur-Loire
0%
159 58 La Celle-sur-Nièvre
0%
609 39 La Chailleuse
0%
237 71 La Chapelle-de-Bragny
0%
194 71 La Chapelle-du-Mont-de-France
0%
393 70 La Chapelle-lès-Luxeuil
0%
303 58 La Chapelle-Saint-André
0%
663 71 La Chapelle-Saint-Sauveur
0%
141 71 La Chapelle-sous-Brancion
0%
781 90 Lachapelle-sous-Chaux
0%
441 71 La Chapelle-sous-Dun
0%
590 90 Lachapelle-sous-Rougemont
0%
307 39 La Chapelle-sur-Furieuse
0%
667 89 La Chapelle-sur-Oreuse
0%
493 71 La Chapelle-Thècle
0%
91 89 La Chapelle-Vaupelteigne
0%
66 39 La Charme
0%
708 71 La Charmée
0%
154 39 La Châtelaine
0%
404 39 La Chaumusse
0%
32 39 La Chaux-en-Bresse
0%
502 25 La Chenalotte
0%
160 25 La Chevillotte
0%
168 58 La Collancelle
0%
236 90 Lacollonge
0%
251 71 La Comelle
0%
111 70 La Corbière
0%
115 21 Lacour-d'Arcenay
0%
73 70 La Creuse
0%
155 70 La Demie
0%
1843 21 Ladoix-Serrigny
0%
50 39 Ladoye-sur-Seille
0%
32 39 La Favière
0%
636 58 La Fermeté
0%
584 71 La Genête
0%
91 70 La Grande-Résie
0%
573 71 La Grande-Verrière
0%
144 90 Lagrange
0%
98 25 La Grange
0%
675 21 Laignes
0%
197 89 Lailly
0%
329 89 Lainsecq
0%
419 25 Laire
0%
454 25 Laissey
0%
1140 71 Laizé
0%
139 89 Lalande
0%
226 70 La Lanterne-et-les-Armonts
0%
377 71 Lalheue
0%
844 25 La Longeville
0%
218 70 La Longine
0%
46 90 Lamadeleine-Val-des-Anges
0%
116 58 La Maison-Dieu
0%
310 70 La Malachère
0%
575 58 La Marche
0%
1376 21 Lamarche-sur-Saône
0%
165 21 Lamargelle
0%
76 70 Lambrey
0%
71 58 Lamenay-sur-Loire
0%
38 70 La Montagne
0%
1241 71 La Motte-Saint-Jean
0%
149 21 La Motte-Ternant
0%
167 25 Lanans
0%
240 25 Landresse
0%
330 70 La Neuvelle-lès-Lure
0%
175 70 La Neuvelle-lès-Scey
0%
365 58 Langeron
0%
277 58 La Nocle-Maulaix
0%
530 21 Lantenay
0%
548 25 Lantenne-Vertière
0%
361 70 Lantenot
0%
70 25 Lanthenans
0%
256 21 Lanthes
0%
107 21 Lantilly
0%
113 58 Lanty
0%
441 21 Laperrière-sur-Saône
0%
52 71 La Petite-Verrière
0%
38 70 La Pisseure
0%
325 25 La Planée
0%
141 89 La Postolle
0%
163 25 La Prétière
0%
153 70 La Proiselière-et-Langle
0%
67 70 La Quarte
0%
175 71 La Racineuse
0%
168 70 La Résie-Saint-Martin
0%
140 39 Largillay-Marsonnay
0%
272 70 Larians-et-Munans
0%
289 90 Larivière
0%
947 25 La Rivière-Drugeon
0%
201 39 La Rixouse
0%
807 25 Larnod
0%
912 21 La Roche-en-Brenil
0%
291 70 La Roche-Morey
0%
290 21 La Rochepot
0%
1282 89 Laroche-Saint-Cydroine
0%
140 21 La Roche-Vanneau
0%
1615 71 La Roche-Vineuse
0%
524 70 La Romaine
0%
80 70 La Rosière
0%
60 70 Larret
0%
97 21 Larrey
0%
103 39 Larrivoire
0%
530 71 La Salle
0%
253 25 La Sommette
0%
144 89 Lasson
0%
311 25 La Tour-de-Sçay
0%
256 39 La Tour-du-Meix
0%
214 71 La Truchère
0%
222 70 La Vaivre
0%
36 25 Laval-le-Prieuré
0%
144 39 Lavangeot
0%
183 25 Lavans-Quingey
0%
256 25 Lavans-Vuillafans
0%
438 89 Lavau
0%
72 58 Lavault-de-Frétoy
0%
118 70 La Vergenne
0%
579 25 Lavernay
0%
79 70 La Vernotte
0%
396 39 La Vieille-Loye
0%
119 70 Lavigney
0%
169 70 La Villedieu-en-Fontenette
0%
148 70 La Villeneuve-Bellenoye-et-la-Maize
0%
63 21 La Villeneuve-les-Convers
0%
670 71 La Vineuse sur Fregande
0%
362 25 Laviron
0%
116 70 La Voivre
0%
323 70 Lavoncourt
0%
157 71 Lays-sur-le-Doubs
0%
234 25 Le Barboux
0%
516 25 Le Bélieu
0%
422 90 Lebetain
0%
308 25 Le Bizot
0%
227 21 Lechâtelet
0%
89 39 Le Chateley
0%
88 25 L'Écouvotte
0%
63 25 Le Crouzet
0%
355 39 Lect
0%
1027 39 Le Deschaux
0%
41 21 Le Fête
0%
163 25 Le Gratteris
0%
54 39 Le Larderet
0%
89 39 Le Latet
0%
240 25 Le Luhier
0%
89 70 Le Magnoray
0%
47 25 Le Mémont
0%
128 25 Le Moutherot
0%
245 39 Lemuy
0%
271 39 Le Pasquier
0%
89 71 Le Planois
0%
1161 90 Lepuix
0%
312 90 Lepuix-Neuf
0%
88 71 Le Puley
0%
114 25 Le Puy
0%
2499 25 Le Russey
0%
194 21 Léry
0%
175 25 Les Alliés
0%
223 39 Les Arsures
0%
376 70 Les Aynans
0%
77 70 Les Bâties
0%
550 89 Les Bordes
0%
87 71 Les Bordes
0%
484 25 Les Bréseux
0%
89 39 Les Chalesmes
0%
210 39 Leschères
0%
304 89 Les Clérimois
0%
196 39 Les Crozets
0%
120 39 Les Deux-Fays
0%
768 25 Les Écorces
0%
254 39 Les Essards-Taignevaux
0%
136 70 Les Fessey
0%
639 25 Les Fontenelles
0%
12 21 Les Goulles
0%
313 25 Les Grangettes
0%
817 25 Les Gras
0%
508 89 Les Hauts de Forterre
0%
351 39 Les Hays
0%
824 21 Les Maillys
0%
178 71 Lesme
0%
674 25 Les Monts-Ronds
0%
165 39 Les Moussières
0%
219 25 Les Plains-et-Grands-Essarts
0%
139 25 Les Pontets
0%
1578 25 Les Premiers Sapins
0%
55 39 Les Repôts
0%
412 89 Les Sièges
0%
130 25 Les Terres-de-Chaux
0%
781 39 Les Trois-Châteaux
0%
1038 89 Les Vallées de la Vanne
0%
201 25 Les Villedieu
0%
215 21 L'Étang-Vergy
0%
116 71 Le Tartre
0%
166 70 Le Tremblois
0%
301 21 Leuglay
0%
325 89 Leugny
0%
244 90 Leval
0%
67 70 Le Val-de-Gouhenans
0%
562 89 Le Val d'Ocre
0%
272 21 Le Val-Larrey
0%
99 70 Le Val-Saint-Éloi
0%
175 39 Le Vaudioux
0%
180 25 Le Vernoy
0%
284 71 Le Villars
0%
91 39 Le Villey
0%
224 89 Levis
0%
516 71 Leynes
0%
679 89 Lézinnes
0%
125 25 L'Hôpital-Saint-Lieffroy
0%
104 21 Licey-sur-Vingeanne
0%
157 89 Lichères-près-Aigremont
0%
43 89 Lichères-sur-Yonne
0%
155 25 Liebvillers
0%
53 70 Lieffrans
0%
485 21 Liernais
0%
77 70 Lieucourt
0%
157 70 Liévans
0%
56 21 Lignerolles
0%
193 89 Lignorelles
0%
375 71 Ligny-en-Brionnais
0%
1228 89 Ligny-le-Châtel
0%
240 58 Limanton
0%
146 58 Limon
0%
119 70 Linexert
0%
674 89 L'Isle-sur-Serein
0%
696 58 Livry
0%
489 89 Lixy
0%
100 25 Lizine
0%
103 70 Lœuilley
0%
161 39 Loisia
0%
687 71 Loisy
0%
219 39 Lombard
0%
196 25 Lombard
0%
482 70 Lomont
0%
179 25 Lomont-sur-Crête
0%
1284 21 Longchamp
0%
1165 39 Longchaumois
0%
1166 21 Longeault-Pluvault
0%
81 25 Longechaux
0%
1244 21 Longecourt-en-Plaine
0%
55 21 Longecourt-lès-Culêtre
0%
170 25 Longemaison
0%
158 71 Longepierre
0%
127 70 Longevelle
0%
45 25 Longevelle-lès-Russey
0%
679 25 Longevelle-sur-Doubs
0%
185 25 Longeville
0%
620 25 Longevilles-Mont-d'Or
0%
498 39 Longwy-sur-le-Doubs
0%
599 25 Loray
0%
1297 58 Lormes
0%
1653 21 Losne
0%
118 21 Louesme
0%
752 25 Lougres
0%
463 70 Loulans-Verchamp
0%
333 71 Lournand
0%
191 21 Lucenay-le-Duc
0%
1000 58 Lucenay-lès-Aix
0%
60 21 Lucey
0%
314 89 Lucy-le-Bois
0%
203 89 Lucy-sur-Cure
0%
121 89 Lucy-sur-Yonne
0%
939 71 Lugny
0%
360 71 Lugny-lès-Charolles
0%
281 58 Lurcy-le-Bourg
0%
122 21 Lusigny-sur-Ouche
0%
623 58 Luthenay-Uxeloup
0%
160 25 Luxiol
0%
419 70 Lyoffans
0%
108 58 Lys
0%
135 21 Maconge
0%
322 21 Magnien
0%
173 70 Magnivray
0%
419 70 Magnoncourt
0%
63 25 Magny-Châtelard
0%
448 70 Magny-Danigon
0%
134 70 Magny-Jobert
0%
84 21 Magny-Lambert
0%
78 21 Magny-la-Ville
0%
224 21 Magny-lès-Aubigny
0%
99 70 Magny-lès-Jussey
0%
254 21 Magny-lès-Villers
0%
72 58 Magny-Lormes
0%
265 21 Magny-Montarlot
0%
319 21 Magny-Saint-Médard
0%
1402 70 Magny-Vernois
0%
290 70 Mailleroncourt-Charette
0%
197 70 Mailleroncourt-Saint-Pancras
0%
650 70 Mailley-et-Chazelot
0%
1235 89 Maillot
0%
151 71 Mailly
0%
501 89 Mailly-la-Ville
0%
547 89 Mailly-le-Château
0%
87 21 Maisey-le-Duc
0%
861 25 Maisons-du-Bois-Lièvremont
0%
363 70 Maizières
0%
323 39 Malange
0%
163 25 Malans
0%
137 70 Malans
0%
206 71 Malay
0%
1603 89 Malay-le-Grand
0%
331 89 Malay-le-Petit
0%
331 70 Malbouhans
0%
178 25 Malbrans
0%
812 89 Maligny
0%
186 21 Maligny
0%
298 25 Malpas
0%
290 71 Maltat
0%
64 70 Malvillers
0%
316 25 Mancenans
0%
197 25 Mancenans-Lizerne
0%
397 71 Mancey
0%
317 70 Mandrevillars
0%
200 21 Manlay
0%
493 39 Mantry
0%
103 21 Marandeuil
0%
59 70 Marast
0%
46 21 Marcellois
0%
92 21 Marcenay
0%
1482 25 Marchaux-Chaudefontaine
0%
156 21 Marcheseuil
0%
57 21 Marcigny-sous-Thil
0%
94 21 Marcilly-et-Dracy
0%
134 71 Marcilly-la-Gueurce
0%
191 21 Marcilly-Ogny
0%
1732 21 Marcilly-sur-Tille
0%
144 58 Marcy
0%
66 21 Marey-lès-Fussey
0%
333 21 Marey-sur-Tille
0%
111 39 Marigna-sur-Valouse
0%
338 21 Marigny-le-Cahouët
0%
295 58 Marigny-l'Église
0%
223 21 Marigny-lès-Reullée
0%
196 58 Marigny-sur-Yonne
0%
608 21 Marliens
0%
87 89 Marmeaux
0%
415 39 Marnoz
0%
853 89 Marsangy
0%
851 21 Marsannay-le-Bois
0%
309 58 Mars-sur-Allier
0%
142 71 Martailly-lès-Brancion
0%
62 21 Martrois
0%
160 25 Marvelise
0%
356 89 Massangis
0%
319 71 Massilly
0%
163 21 Massingy
0%
161 21 Massingy-lès-Semur
0%
93 21 Massingy-lès-Vitteaux
0%
1176 71 Matour
0%
61 70 Maussans
0%
70 21 Mauvilly
0%
146 58 Maux
0%
180 21 Mavilly-Mandelot
0%
370 21 Maxilly-sur-Saône
0%
337 39 Maynal
0%
223 25 Mazerolles-le-Salin
0%
449 71 Mazille
0%
283 25 Médière
0%
222 21 Meilly-sur-Rouvres
0%
979 71 Melay
0%
138 70 Mélecey
0%
59 70 Melin
0%
230 70 Melincourt
0%
330 21 Meloisey
0%
241 70 Membrey
0%
42 89 Menades
0%
12 21 Menesble
0%
87 21 Ménessaire
0%
106 58 Menestreau
0%
419 71 Ménetreuil
0%
418 21 Ménétreux-le-Pitois
0%
164 39 Menétru-le-Vignoble
0%
60 39 Menétrux-en-Joux
0%
418 90 Menoncourt
0%
190 58 Menou
0%
303 70 Menoux
0%
826 21 Merceuil
0%
570 25 Mercey-le-Grand
0%
137 70 Mercey-sur-Saône
0%
207 89 Méré
0%
163 25 Mérey-Vieilley
0%
1417 90 Meroux-Moval
0%
376 89 Merry-la-Vallée
0%
182 89 Merry-Sec
0%
198 89 Merry-sur-Yonne
0%
287 70 Mersuay
0%
238 25 Mésandans
0%
350 25 Meslières
0%
256 21 Mesmont
0%
179 39 Mesnois
0%
249 21 Messanges
0%
1734 21 Messigny-et-Vantoux
0%
690 58 Mesves-sur-Loire
0%
173 58 Metz-le-Comte
0%
455 21 Meuilley
0%
31 21 Meulson
0%
349 70 Meurcourt
0%
588 21 Meursanges
0%
435 39 Meussia
0%
526 89 Mézilles
0%
1319 90 Méziré
0%
233 58 Mhère
0%
1094 89 Michery
0%
172 39 Mièges
0%
373 70 Mignavillers
0%
420 21 Millery
0%
317 71 Milly-Lamartine
0%
328 21 Mimeure
0%
188 21 Minot
0%
2695 25 Miserey-Salines
0%
630 70 Moffans-et-Vacheresse
0%
237 70 Moimay
0%
2241 39 Moirans-en-Montagne
0%
133 39 Moiron
0%
16 58 Moissy-Moulinot
0%
62 21 Moitron
0%
89 39 Molamboz
0%
269 21 Molesme
0%
281 89 Molinons
0%
230 70 Mollans
0%
178 89 Molosmes
0%
240 21 Moloy
0%
134 21 Molphey
0%
124 39 Monay
0%
127 58 Monceaux-le-Comte
0%
617 25 Moncey
0%
279 25 Moncley
0%
96 25 Mondon
0%
16 39 Monnetay
0%
347 39 Monnet-la-Ville
0%
414 39 Monnières
0%
116 39 Montagna-le-Reconduit
0%
512 70 Montagney
0%
129 25 Montagney-Servigney
0%
224 71 Montagny-lès-Buxy
0%
114 21 Montagny-lès-Seurre
0%
497 71 Montagny-près-Louhans
0%
123 58 Montambert
0%
126 25 Montancy
0%
384 25 Montandon
0%
290 58 Montapas
0%
315 70 Montarlot-lès-Rioz
0%
157 58 Montaron
0%
312 39 Montbarrey
0%
117 25 Montbéliardot
0%
212 21 Montberthault
0%
287 70 Montboillon
0%
412 90 Montbouton
0%
630 70 Montbozon
0%
197 21 Montceau-et-Écharnant
0%
32 71 Montceaux-Ragny
0%
273 70 Montcey
0%
256 71 Montcony
0%
56 70 Montcourt
0%
256 71 Montcoy
0%
153 39 Montcusel
0%
191 25 Mont-de-Laval
0%
203 25 Mont-de-Vougney
0%
76 70 Montdoré
0%
553 25 Montécheroux
0%
1502 25 Montenois
0%
122 58 Montenoison
0%
140 39 Monteplain
0%
160 70 Montessaux
0%
156 58 Mont-et-Marré
0%
2234 25 Montferrand-le-Château
0%
173 39 Montfleur
0%
122 25 Montflovin
0%
485 25 Montgesoye
0%
161 21 Monthelie
0%
399 71 Monthelon
0%
375 39 Montholier
0%
659 58 Montigny-aux-Amognes
0%
277 58 Montigny-en-Morvan
0%
241 39 Montigny-lès-Arsures
0%
132 70 Montigny-lès-Cherlieu
0%
652 70 Montigny-lès-Vesoul
0%
301 21 Montigny-Montfort
0%
390 21 Montigny-Mornay-Villeneuve-sur-Vingeanne
0%
90 21 Montigny-Saint-Barthélemy
0%
154 21 Montigny-sur-Armançon
0%
254 21 Montigny-sur-Aube
0%
156 58 Montigny-sur-Canne
0%
215 39 Montigny-sur-l'Ain
0%
261 89 Montillot
0%
27 25 Montivernage
0%
204 71 Montjay
0%
25 25 Montjoie-le-Château
0%
120 70 Montjustin-et-Velotte
0%
236 39 Montlainsia
0%
195 21 Montlay-en-Auxois
0%
186 71 Mont-lès-Seurre
0%
190 70 Mont-le-Vernois
0%
304 21 Montliot-et-Courcelles
0%
95 25 Montmahoux
0%
151 21 Montmain
0%
249 21 Montmançon
0%
32 39 Montmarlon
0%
386 71 Montmelard
0%
174 39 Montmirey-la-Ville
0%
199 39 Montmirey-le-Château
0%
75 21 Montmoyen
0%
91 21 Montoillot
0%
203 21 Montot
0%
134 70 Montot
0%
970 25 Montperreux
0%
183 89 Montréal
0%
269 58 Montreuillon
0%
1193 90 Montreux-Château
0%
84 39 Montrevel
0%
243 21 Mont-Saint-Jean
0%
49 70 Mont-Saint-Léger
0%
806 89 Mont-Saint-Sulpice
0%
518 58 Montsauche-les-Settons
0%
247 39 Mont-sur-Monnet
0%
201 70 Montureux-et-Prantigny
0%
154 70 Montureux-lès-Baulay
0%
56 25 Montussaint
0%
142 58 Moraches
0%
51 71 Morlet
0%
68 21 Mosson
0%
94 70 Motey-Besuche
0%
128 89 Mouffy
0%
1429 58 Moulins-Engilbert
0%
106 89 Moulins-en-Tonnerrois
0%
290 89 Moulins-sur-Ouanne
0%
95 39 Mournans-Charbonny
0%
95 58 Mouron-sur-Yonne
0%
105 58 Moussy
0%
417 71 Mouthier-en-Bresse
0%
278 89 Moutiers-en-Puisaye
0%
265 21 Moutiers-Saint-Jean
0%
129 39 Moutonne
0%
76 39 Moutoux
0%
532 58 Moux-en-Morvan
0%
58 58 Murlin
0%
84 21 Musigny
0%
92 21 Mussy-la-Fosse
0%
346 71 Mussy-sous-Dun
0%
182 39 Mutigney
0%
531 58 Myennes
0%
1370 89 Nailly
0%
827 25 Naisey-les-Granges
0%
829 39 Nanchez
0%
46 39 Nancuise
0%
116 58 Nannay
0%
184 21 Nan-sous-Thil
0%
170 21 Nantoux
0%
81 25 Narbief
0%
479 58 Narcy
0%
1653 70 Navenne
0%
415 71 Navilly
0%
78 21 Nesle-et-Massoult
0%
548 39 Neublans-Abergement
0%
174 25 Neuchâtel-Urtière
0%
107 58 Neuffontaines
0%
167 70 Neurey-en-Vaux
0%
358 70 Neurey-lès-la-Demie
0%
429 70 Neuvelle-lès-Cromary
0%
227 70 Neuvelle-lès-la-Charité
0%
227 58 Neuville-lès-Decize
0%
95 39 Neuvilley
0%
915 89 Neuvy-Sautour
0%
1422 58 Neuvy-sur-Loire
0%
109 21 Nicey
0%
377 89 Nitry
0%
205 21 Nod-sur-Seine
0%
555 89 Noé
0%
475 25 Noël-Cerneux
0%
161 21 Nogent-lès-Montbard
0%
663 70 Noidans-le-Ferroux
0%
59 70 Noiron
0%
1178 21 Noiron-sous-Gevrey
0%
236 21 Noiron-sur-Bèze
0%
64 21 Noiron-sur-Seine
0%
402 25 Noironte
0%
1649 25 Nommay
0%
966 21 Norges-la-Ville
0%
59 21 Normier
0%
509 70 Noroy-le-Bourg
0%
308 90 Novillard
0%
1479 25 Novillars
0%
612 89 Noyers
0%
166 58 Nuars
0%
79 21 Obtrée
0%
195 39 Offlanges
0%
36 70 Oigney
0%
46 21 Oigny
0%
433 70 Oiselay-et-Grachaux
0%
130 21 Oisilly
0%
304 58 Oisy
0%
38 25 Ollans
0%
355 25 Onans
0%
62 70 Onay
0%
65 39 Onglières
0%
161 58 Onlay
0%
74 39 Onoz
0%
51 70 Oppenans
0%
87 21 Orain
0%
40 25 Orgeans-Blanchefontaine
0%
468 21 Orgeux
0%
56 21 Origny
0%
82 70 Ormenans
0%
67 70 Ormoiche
0%
686 89 Ormoy
0%
214 70 Ormoy
0%
14 21 Orret
0%
171 25 Orsans
0%
59 25 Orve
0%
173 21 Orville
0%
352 25 Osse
0%
974 25 Osselle-Routelle
0%
148 58 Ouagne
0%
611 89 Ouanne
0%
144 58 Oudan
0%
113 70 Ouge
0%
1627 21 Ouges
0%
408 39 Ougney
0%
256 25 Ougney-Douvot
0%
25 58 Ougny
0%
391 25 Ouhans
0%
63 58 Oulon
0%
348 39 Ounans
0%
608 58 Ouroux-en-Morvan
0%
65 71 Ouroux-sous-le-Bois-Sainte-Marie
0%
68 25 Ouvans
0%
139 70 Ovanches
0%
379 70 Oyrières
0%
220 71 Ozenay
0%
392 71 Ozolles
0%
183 89 Pacy-sur-Armançon
0%
347 39 Pagney
0%
228 39 Pagnoz
0%
425 21 Pagny-la-Ville
0%
510 21 Pagny-le-Château
0%
319 89 Pailly
0%
169 21 Painblanc
0%
246 70 Palante
0%
75 25 Palantine
0%
146 25 Palise
0%
270 71 Palleau
0%
84 21 Panges
0%
1025 39 Parcey
0%
34 58 Parigny-la-Rose
0%
1005 58 Parigny-les-Vaux
0%
179 89 Paroy-en-Othe
0%
44 89 Pasilly
0%
287 21 Pasques
0%
350 25 Passonfontaine
0%
348 89 Passy
0%
69 71 Passy
0%
160 39 Patornay
0%
306 58 Pazy
0%
137 39 Peintre
0%
84 21 Pellerey
0%
1560 25 Pelousey
0%
200 70 Pennesières
0%
970 89 Perceneige
0%
253 89 Percey
0%
75 70 Percey-le-Grand
0%
689 71 Péronne
0%
570 71 Perreuil
0%
130 89 Perrigny-sur-Armançon
0%
641 21 Perrigny-sur-l'Ognon
0%
137 71 Perrigny-sur-Loire
0%
152 58 Perroy
0%
319 39 Peseux
0%
142 25 Péseux
0%
88 25 Pessans
0%
305 90 Petit-Croix
0%
155 25 Petite-Chaux
0%
195 90 Petitefontaine
0%
326 90 Petitmagny
0%
448 90 Phaffans
0%
304 21 Pichanges
0%
889 71 Pierreclos
0%
116 70 Pierrecourt
0%
482 25 Pierrefontaine-lès-Blamont
0%
108 89 Pierre-Perthuis
0%
609 89 Piffonds
0%
65 89 Pimelles
0%
82 89 Pisy
0%
200 25 Placey
0%
280 25 Plaimbois-du-Miroir
0%
114 25 Plaimbois-Vennes
0%
72 70 Plainemont
0%
113 39 Plaisia
0%
69 21 Planay
0%
1907 70 Plancher-Bas
0%
969 70 Plancher-les-Mines
0%
308 58 Planchez
0%
25 39 Plénisette
0%
212 89 Plessis-Saint-Jean
0%
106 39 Plumont
0%
424 21 Pluvet
0%
253 89 Poilly-sur-Serein
0%
697 89 Poilly-sur-Tholon
0%
194 21 Poinçon-lès-Larrey
0%
128 39 Pointre
0%
57 21 Poiseul-la-Grange
0%
162 21 Poiseul-la-Ville-et-Laperrière
0%
71 21 Poiseul-lès-Saulx
0%
333 58 Poiseux
0%
630 70 Polaincourt-et-Clairefontaine
0%
204 70 Pomoy
0%
307 25 Pompierre-sur-Doubs
0%
576 21 Poncey-lès-Athée
0%
84 21 Poncey-sur-l'Ignon
0%
374 89 Pontaubert
0%
300 70 Pontcey
0%
112 70 Pont-du-Bois
0%
187 21 Pont-et-Massène
0%
764 89 Pontigny
0%
208 25 Pont-les-Moulins
0%
285 71 Pontoux
0%
62 70 Pont-sur-l'Ognon
0%
191 89 Pont-sur-Vanne
0%
3375 89 Pont-sur-Yonne
0%
51 21 Posanges
0%
206 21 Pothières
0%
478 58 Pougny
0%
2410 58 Pougues-les-Eaux
0%
567 21 Pouillenay
0%
843 25 Pouilley-Français
0%
986 71 Pouilloux
0%
1631 58 Pouilly-sur-Loire
0%
614 21 Pouilly-sur-Saône
0%
139 21 Pouilly-sur-Vingeanne
0%
863 25 Pouligney-Lusans
0%
161 58 Pouques-Lormes
0%
218 71 Pourlans
0%
1383 89 Pourrain
0%
200 58 Pousseaux
0%
93 21 Prâlon
0%
250 89 Précy-le-Sec
0%
719 21 Précy-sous-Thil
0%
435 89 Précy-sur-Vrin
0%
182 89 Prégilbert
0%
160 89 Préhy
0%
119 70 Preigney
0%
367 21 Premeaux-Prissey
0%
1848 58 Prémery
0%
471 21 Prenois
0%
211 58 Préporché
0%
476 25 Présentevillers
0%
123 39 Présilly
0%
105 71 Pressy-sous-Dondin
0%
587 71 Préty
0%
61 71 Prizy
0%
253 70 Provenchère
0%
143 25 Provenchère
0%
258 89 Provency
0%
154 21 Prusly-sur-Ource
0%
352 71 Pruzilly
0%
36 25 Puessans
0%
729 25 Pugey
0%
135 21 Puits
0%
255 39 Pupillin
0%
340 70 Purgerot
0%
1501 70 Pusey
0%
558 70 Pusy-et-Épenoux
0%
105 21 Quemigny-sur-Seine
0%
497 89 Quenne
0%
255 70 Quenoche
0%
332 70 Quers
0%
83 21 Quincerot
0%
67 89 Quincerot
0%
1440 70 Quincey
0%
519 21 Quincey
0%
202 21 Quincy-le-Vicomte
0%
1422 25 Quingey
0%
863 70 Raddon-et-Chapendu
0%
274 39 Rainans
0%
113 70 Raincourt
0%
409 25 Rancenay
0%
124 25 Randevillers
0%
396 25 Rang
0%
534 39 Rans
0%
16 70 Ranzevelle
0%
384 71 Ratenelle
0%
657 58 Raveau
0%
730 89 Ravières
0%
460 39 Ravilloles
0%
345 25 Raynans
0%
218 70 Ray-sur-Saône
0%
370 70 Raze
0%
94 39 Recanoz
0%
350 21 Recey-sur-Ource
0%
780 90 Réchésy
0%
689 25 Recologne
0%
36 70 Recologne
0%
254 70 Recologne-lès-Rioz
0%
132 90 Recouvrance
0%
41 25 Reculfoz
0%
54 39 Reithouse
0%
437 71 Remigny
0%
152 58 Rémilly
0%
152 21 Remilly-en-Montagne
0%
910 21 Remilly-sur-Tille
0%
229 25 Rémondans-Vaivre
0%
446 25 Remoray-Boujeons
0%
112 70 Renaucourt
0%
51 25 Renédale
0%
468 21 Renève
0%
339 90 Reppe
0%
306 25 Reugney
0%
160 21 Reulle-Vergy
0%
91 21 Riel-les-Eaux
0%
95 90 Riervescemont
0%
396 25 Rigney
0%
117 25 Rignosot
0%
118 70 Rignovelle
0%
96 25 Rillans
0%
158 58 Rix
0%
84 39 Rix
0%
154 70 Roche-et-Raucourt
0%
42 21 Rochefort-sur-Brévon
0%
754 25 Rochejean
0%
99 25 Roche-lès-Clerval
0%
630 25 Roches-lès-Blamont
0%
62 70 Roche-sur-Linotte-et-Sorans-les-Cordiers
0%
145 89 Roffey
0%
237 39 Rogna
0%
49 25 Rognon
0%
683 89 Rogny-les-Sept-Écluses
0%
51 21 Roilly
0%
226 90 Romagny-sous-Rougemont
0%
218 39 Romain
0%
124 25 Romain
0%
2061 71 Romanèche-Thorins
0%
205 39 Romange
0%
2786 70 Ronchamp
0%
86 25 Ronchaux
0%
91 89 Ronchères
0%
38 25 Rondefontaine
0%
1068 90 Roppe
0%
124 39 Rosay
0%
559 25 Roset-Fluans
0%
258 70 Rosey
0%
162 71 Rosey
0%
118 25 Rosières-sur-Barbèche
0%
52 70 Rosières-sur-Mance
0%
1105 89 Rosoy
0%
83 25 Rosureux
0%
159 39 Rotalier
0%
142 39 Rothonay
0%
116 39 Rouffange
0%
995 90 Rougegoutte
0%
1055 25 Rougemont
0%
146 21 Rougemont
0%
1543 90 Rougemont-le-Château
0%
91 25 Rougemontot
0%
74 25 Rouhe
0%
286 71 Roussillon-en-Morvan
0%
399 89 Rousson
0%
1167 21 Rouvres-en-Plaine
0%
90 21 Rouvres-sous-Meilly
0%
645 58 Rouy
0%
1505 70 Roye
0%
132 71 Royer
0%
89 58 Ruages
0%
369 25 Ruffey-le-Château
0%
782 21 Ruffey-lès-Beaune
0%
74 89 Rugny
0%
153 70 Ruhans
0%
109 70 Rupt-sur-Saône
0%
362 25 Rurey
0%
214 39 Rye
0%
299 21 Sacquenay
0%
91 39 Saffloz
0%
119 21 Saffres
0%
73 71 Sailly
0%
376 58 Saincaize-Meauce
0%
322 89 Sainpuits
0%
549 71 Saint-Albain
0%
1244 58 Saint-Amand-en-Puisaye
0%
525 71 Saint-Ambreuil
0%
586 71 Saint-Amour-Bellevue
0%
596 58 Saint-Andelain
0%
120 21 Saint-Andeux
0%
315 58 Saint-André-en-Morvan
0%
153 89 Saint-André-en-Terre-Plaine
0%
256 71 Saint-André-le-Désert
0%
56 21 Saint-Anthot
0%
342 25 Saint-Antoine
0%
70 58 Saint-Aubin-des-Chaumes
0%
395 58 Saint-Aubin-les-Forges
0%
281 71 Saint-Aubin-sur-Loire
0%
440 89 Saint-Aubin-sur-Yonne
0%
265 39 Saint-Baraing
0%
1122 70 Saint-Barthélemy
0%
1282 58 Saint-Benin-d'Azy
0%
176 58 Saint-Benin-des-Bois
0%
459 21 Saint-Bernard
0%
512 71 Saint-Bonnet-de-Cray
0%
492 71 Saint-Bonnet-en-Bresse
0%
144 58 Saint-Bonnot
0%
287 89 Saint-Brancher
0%
438 70 Saint-Bresson
0%
257 58 Saint-Brisson
0%
115 70 Saint-Broing
0%
200 21 Saint-Broing-les-Moines
0%
547 71 Saint-Christophe-en-Brionnais
0%
135 71 Saint-Clément-sur-Guye
0%
453 89 Saint-Cyr-les-Colons
0%
250 39 Saint-Cyr-Montmalin
0%
276 71 Saint-Denis-de-Vaux
0%
198 71 Saint-Didier-en-Bresse
0%
133 71 Saint-Didier-en-Brionnais
0%
445 90 Saint-Dizier-l'Évêque
0%
289 71 Sainte-Cécile
0%
452 25 Sainte-Colombe
0%
196 89 Sainte-Colombe
0%
138 58 Sainte-Colombe-des-Bois
0%
57 21 Sainte-Colombe-en-Auxois
0%
939 21 Sainte-Colombe-sur-Seine
0%
441 71 Saint-Edmond
0%
143 71 Sainte-Foy
0%
2272 58 Saint-Éloi
0%
486 89 Sainte-Magnance
0%
214 70 Sainte-Marie-en-Chanois
0%
160 70 Sainte-Marie-en-Chaux
0%
709 21 Sainte-Marie-sur-Ouche
0%
320 71 Saint-Émiland
0%
108 89 Sainte-Pallaye
0%
151 71 Sainte-Radegonde
0%
25 70 Sainte-Reine
0%
188 21 Sainte-Sabine
0%
1488 25 Sainte-Suzanne
0%
161 71 Saint-Eugène
0%
212 21 Saint-Euphrône
0%
83 89 Sainte-Vertu
0%
1495 89 Saint-Fargeau
0%
82 70 Saint-Ferjeux
0%
814 71 Saint-Firmin
0%
157 58 Saint-Firmin
0%
456 71 Saint-Forgeot
0%
80 58 Saint-Franchy
0%
147 70 Saint-Gand
0%
590 71 Saint-Gengoux-de-Scissé
0%
130 25 Saint-Georges-Armont
0%
319 58 Saint-Germain-Chassenay
0%
182 21 Saint-Germain-de-Modéon
0%
124 58 Saint-Germain-des-Bois
0%
353 89 Saint-Germain-des-Champs
0%
193 71 Saint-Germain-en-Brionnais
0%
392 39 Saint-Germain-en-Montagne
0%
675 90 Saint-Germain-le-Châtelet
0%
86 21 Saint-Germain-le-Rocheux
0%
284 71 Saint-Germain-lès-Buxy
0%
129 21 Saint-Germain-lès-Senailly
0%
436 71 Saint-Gervais-en-Vallière
0%
219 71 Saint-Gervais-sur-Couches
0%
285 25 Saint-Gorgon-Main
0%
118 58 Saint-Gratien-Savigny
0%
37 21 Saint-Hélier
0%
166 25 Saint-Hilaire
0%
221 58 Saint-Hilaire-en-Morvan
0%
169 58 Saint-Hilaire-Fontaine
0%
711 58 Saint-Honoré-les-Bains
0%
52 71 Saint-Huruge
0%
445 39 Saint-Hymetière-sur-Valouse
0%
789 71 Saint-Igny-de-Roche
0%
491 58 Saint-Jean-aux-Amognes
0%
111 21 Saint-Jean-de-Bœuf
0%
182 25 Saint-Juan
0%
503 71 Saint-Julien-de-Civry
0%
353 71 Saint-Julien-de-Jonzy
0%
2273 89 Saint-Julien-du-Sault
0%
164 25 Saint-Julien-lès-Montbéliard
0%
187 25 Saint-Julien-lès-Russey
0%
250 71 Saint-Julien-sur-Dheune
0%
118 39 Saint-Lamain
0%
333 71 Saint-Laurent-en-Brionnais
0%
219 58 Saint-Laurent-l'Abbaye
0%
352 58 Saint-Léger-de-Fougeret
0%
781 71 Saint-Léger-lès-Paray
0%
382 71 Saint-Léger-sous-Beuvray
0%
285 71 Saint-Léger-sous-la-Bussière
0%
248 21 Saint-Léger-Triey
0%
367 89 Saint-Léger-Vauban
0%
477 58 Saint-Loup-des-Bois
0%
1235 71 Saint-Loup-de-Varennes
0%
265 89 Saint-Loup-d'Ordon
0%
1700 71 Saint-Loup-Géanges
0%
130 70 Saint-Loup-Nantouard
0%
128 58 Saint-Malo-en-Donziois
0%
195 71 Saint-Marcelin-de-Cray
0%
112 21 Saint-Marc-sur-Seine
0%
1421 71 Saint-Martin-Belle-Roche
0%
142 71 Saint-Martin-d'Auxy
0%
305 21 Saint-Martin-de-la-Mer
0%
93 71 Saint-Martin-de-Lixy
0%
103 71 Saint-Martin-de-Salencey
0%
272 89 Saint-Martin-des-Champs
0%
576 58 Saint-Martin-d'Heuille
0%
425 89 Saint-Martin-d'Ordon
0%
463 21 Saint-Martin-du-Mont
0%
188 71 Saint-Martin-du-Mont
0%
288 58 Saint-Martin-du-Puy
0%
157 71 Saint-Martin-du-Tartre
0%
1571 89 Saint-Martin-du-Tertre
0%
358 71 Saint-Martin-sous-Montaigu
0%
153 89 Saint-Martin-sur-Armançon
0%
392 58 Saint-Martin-sur-Nohain
0%
418 89 Saint-Maurice-aux-Riches-Hommes
0%
928 25 Saint-Maurice-Colombier
0%
505 71 Saint-Maurice-de-Satonnay
0%
63 71 Saint-Maurice-des-Champs
0%
533 71 Saint-Maurice-en-Rivière
0%
581 71 Saint-Maurice-lès-Châteauneuf
0%
205 21 Saint-Maurice-sur-Vingeanne
0%
119 21 Saint-Mesmin
0%
282 71 Saint-Micaud
0%
183 89 Saint-Moré
0%
407 21 Saint-Nicolas-lès-Cîteaux
0%
540 58 Saint-Ouen-sur-Loire
0%
1269 58 Saint-Parize-le-Châtel
0%
1075 58 Saint-Père
0%
298 89 Saint-Père
0%
215 58 Saint-Péreuse
0%
169 58 Saint-Pierre-du-Mont
0%
142 21 Saint-Pierre-en-Vaux
0%
380 71 Saint-Pierre-le-Vieux
0%
363 71 Saint-Point
0%
310 25 Saint-Point-Lac
0%
536 89 Saint-Privé
0%
97 71 Saint-Privé
0%
213 71 Saint-Prix
0%
214 21 Saint-Prix-lès-Arnay
0%
94 58 Saint-Quentin-sur-Nohain
0%
150 71 Saint-Racho
0%
446 70 Saint-Rémy-en-Comté
0%
170 58 Saint-Révérien
0%
800 58 Saint-Saulge
0%
1967 70 Saint-Sauveur
0%
233 21 Saint-Sauveur
0%
917 89 Saint-Sauveur-en-Puisaye
0%
400 21 Saint-Seine-en-Bâche
0%
373 21 Saint-Seine-l'Abbaye
0%
392 21 Saint-Seine-sur-Vingeanne
0%
554 89 Saints-en-Puisaye
0%
593 89 Saint-Sérotin
0%
430 58 Saint-Sulpice
0%
127 70 Saint-Sulpice
0%
1152 71 Saint-Symphorien-d'Ancelles
0%
338 21 Saint-Symphorien-sur-Saône
0%
163 21 Saint-Thibault
0%
70 39 Saint-Thiébaud
0%
1771 89 Saint-Valérien
0%
271 71 Saint-Vallerin
0%
363 58 Saint-Vérain
0%
164 71 Saint-Vérand
0%
332 21 Saint-Victor-sur-Ouche
0%
353 71 Saisy
0%
96 39 Saizenay
0%
189 58 Saizy
0%
634 39 Salans
0%
193 39 Saligney
0%
689 89 Saligny
0%
213 21 Salives
0%
135 21 Salmaise
0%
73 89 Sambourg
0%
145 21 Samerey
0%
145 71 Sampigny-lès-Maranges
0%
73 25 Samson
0%
2235 71 Sancé
0%
1345 25 Sancey
0%
87 89 Santigny
0%
59 21 Santosse
0%
69 70 Saponcourt
0%
17 25 Saraz
0%
113 58 Sardy-lès-Épiry
0%
142 89 Sarry
0%
93 71 Sarry
0%
1631 71 Sassenay
0%
61 39 Saugeot
0%
237 25 Saules
0%
131 71 Saules
0%
792 70 Saulnot
0%
1010 21 Saulon-la-Chapelle
0%
723 21 Saulon-la-Rue
0%
895 70 Saulx
0%
254 21 Saulx-le-Duc
0%
82 71 Saunières
0%
68 21 Saussey
0%
102 21 Saussy
0%
190 25 Sauvagney
0%
100 70 Sauvigney-lès-Gray
0%
146 70 Sauvigney-lès-Pesmes
0%
68 89 Sauvigny-le-Beuréal
0%
744 89 Sauvigny-le-Bois
0%
1460 58 Sauvigny-les-Bois
0%
78 71 Savianges
0%
147 89 Savigny-en-Terre-Plaine
0%
876 21 Savigny-le-Sec
0%
116 58 Savigny-Poil-Fol
0%
242 21 Savigny-sous-Mâlain
0%
458 89 Savigny-sur-Clairis
0%
172 71 Savigny-sur-Grosne
0%
408 71 Savigny-sur-Seille
0%
79 21 Savilly
0%
197 21 Savoisy
0%
159 21 Savolles
0%
388 21 Savouges
0%
206 70 Savoyeux
0%
293 58 Saxi-Bourdon
0%
296 25 Scey-Maisières
0%
1556 70 Scey-sur-Saône-et-Saint-Albin
0%
142 70 Scye
0%
185 70 Secenans
0%
121 25 Séchin
0%
55 21 Segrois
0%
168 21 Seigny
0%
80 39 Séligney
0%
206 70 Selles
0%
129 21 Semarey
0%
224 58 Sémelay
0%
105 89 Sementron
0%
98 21 Semezanges
0%
113 70 Semmadon
0%
28 21 Semond
0%
315 25 Semondans
0%
629 71 Semur-en-Brionnais
0%
140 21 Senailly
0%
699 89 Senan
0%
294 70 Senargent-Mignafans
0%
79 89 Sennevoy-le-Bas
0%
114 89 Sennevoy-le-Haut
0%
193 70 Senoncourt
0%
1165 71 Senozan
0%
429 71 Sens-sur-Seille
0%
523 89 Sépeaux-Saint Romain
0%
678 89 Serbonnes
0%
65 39 Sergenaux
0%
54 39 Sergenon
0%
1286 89 Sergines
0%
612 71 Serley
0%
196 58 Sermages
0%
944 90 Sermamagny
0%
232 39 Sermange
0%
242 71 Sermesse
0%
247 89 Sermizelles
0%
1549 58 Sermoise-sur-Loire
0%
196 39 Serre-les-Moulières
0%
1823 25 Serre-les-Sapins
0%
280 71 Serrières
0%
113 89 Serrigny
0%
192 71 Serrigny-en-Bresse
0%
781 70 Servance-Miellin
0%
125 70 Servigney
0%
217 25 Servin
0%
77 89 Sery
0%
725 90 Sevenans
0%
491 70 Seveux-Motey
0%
179 58 Sichamps
0%
110 71 Sigy-le-Châtel
0%
147 25 Silley-Amancey
0%
62 25 Silley-Bléfond
0%
100 21 Sincey-lès-Rouvray
0%
183 71 Sivignon
0%
593 70 Soing-Cubry-Charentenay
0%
509 21 Soirans
0%
369 21 Soissons-sur-Nacey
0%
144 25 Solemont
0%
587 71 Sologny
0%
639 25 Sombacour
0%
206 71 Sommant
0%
73 39 Songeson
0%
472 70 Sorans-lès-Breurey
0%
369 89 Sormery
0%
1617 89 Soucy
0%
323 89 Sougères-en-Puisaye
0%
608 58 Sougy-sur-Loire
0%
86 21 Souhey
0%
134 25 Soulce-Cernay
0%
221 89 Soumaintrain
0%
119 25 Sourans
0%
63 21 Source-Seine
0%
166 21 Soussey-sur-Brionne
0%
395 25 Soye
0%
405 21 Spoy
0%
93 89 Stigny
0%
435 90 Suarce
0%
534 89 Subligny
0%
602 58 Suilly-la-Tour
0%
493 71 Sully
0%
107 39 Supt
0%
346 58 Surgy
0%
118 25 Surmont
0%
247 21 Sussey
0%
200 39 Syam
0%
75 58 Taconnay
0%
1129 25 Taillecourt
0%
203 21 Tailly
0%
78 89 Talcy
0%
50 25 Tallans
0%
438 25 Tallenay
0%
574 21 Talmay
0%
39 58 Talon
0%
164 58 Tamnay-en-Bazois
0%
222 21 Tanay
0%
543 71 Tancon
0%
945 89 Tanlay
0%
582 58 Tannay
0%
281 89 Tannerre-en-Puisaye
0%
1553 25 Tarcenay-Foucherans
0%
162 21 Tarsul
0%
1594 21 Tart
0%
25 70 Tartécourt
0%
256 21 Tart-le-Bas
0%
404 39 Tassenières
0%
520 71 Tavernay
0%
121 39 Taxenne
0%
190 58 Tazilly
0%
109 58 Teigny
0%
142 21 Tellecey
0%
183 58 Ternant
0%
87 21 Ternant
0%
468 70 Ternuay-Melay-et-Saint-Hilaire
0%
64 21 Terrefondrée
0%
45 58 Thaix
0%
62 89 Tharoiseau
0%
105 89 Tharot
0%
101 21 Thenissey
0%
393 39 Thervay
0%
104 70 Theuley
0%
288 90 Thiancourt
0%
180 58 Thianges
0%
264 25 Thiébouhans
0%
175 70 Thieffrans
0%
104 70 Thiénans
0%
128 71 Thil-sur-Arroux
0%
191 89 Thizy
0%
65 21 Thoires
0%
871 39 Thoirette-Coisia
0%
39 39 Thoissia
0%
312 21 Thoisy-la-Berchère
0%
224 21 Thoisy-le-Désert
0%
55 21 Thomirey
0%
350 25 Thoraise
0%
40 89 Thorey
0%
1081 21 Thorey-en-Plaine
0%
192 21 Thorey-sous-Charny
0%
137 21 Thorey-sur-Ouche
0%
1434 89 Thorigny-sur-Oreuse
0%
201 89 Thory
0%
108 21 Thoste
0%
218 25 Thulay
0%
442 71 Thurey
0%
121 25 Thurey-le-Mont
0%
449 89 Thury
0%
262 21 Thury
0%
219 21 Tichey
0%
753 21 Tillenay
0%
84 70 Tincey-et-Pontrebeau
0%
80 71 Tintry
0%
165 58 Tintury
0%
112 89 Tissey
0%
222 21 Torcy-et-Pouligny
0%
1036 25 Torpes
0%
379 71 Torpes
0%
467 21 Touillon
0%
281 25 Touillon-et-Loutelet
0%
221 39 Toulouse-le-Château
0%
470 39 Tourmont
0%
118 25 Tournans
0%
413 58 Toury-Lurcy
0%
120 58 Toury-sur-Jour
0%
189 71 Toutenant
0%
421 21 Toutry
0%
1001 58 Tracy-sur-Loire
0%
163 70 Traitiéfontaine
0%
414 71 Trambly
0%
370 70 Traves
0%
441 21 Tréclun
0%
1028 89 Treigny-Perreuse-Sainte-Colombe
0%
403 70 Trémoins
0%
471 39 Trenal
0%
555 25 Trépot
0%
265 70 Trésilley
0%
136 58 Tresnay
0%
29 25 Tressandans
0%
1313 90 Trévenans
0%
518 25 Trévillers
0%
44 89 Trichey
0%
259 71 Trivy
0%
173 21 Trochères
0%
245 58 Trois-Vèvres
0%
115 70 Tromarey
0%
130 89 Tronchoy
0%
247 71 Tronchy
0%
409 58 Tronsanges
0%
607 21 Trouhans
0%
129 21 Trouhaut
0%
109 25 Trouvans
0%
223 58 Trucy-l'Orgueilleux
0%
139 89 Trucy-sur-Yonne
0%
121 21 Trugny
0%
176 21 Turcey
0%
685 89 Turny
0%
833 71 Uchizy
0%
53 21 Uncey-le-Franc
0%
249 90 Urcerey
0%
151 21 Urcy
0%
14 25 Urtière
0%
1778 58 Urzy
0%
531 71 Uxeau
0%
180 25 Uzelle
0%
302 39 Vadans
0%
130 70 Vadans
0%
812 25 Vaire
0%
232 70 Vaite
0%
2474 70 Vaivre-et-Montoille
0%
669 70 Valay
0%
399 89 Val-de-Mercy
0%
325 39 Val-d'Épy
0%
212 25 Val-de-Roulans
0%
323 21 Valforêt
0%
696 89 Vallan
0%
243 70 Vallerois-le-Bois
0%
413 70 Vallerois-Lorioz
0%
145 25 Valleroy
0%
574 89 Vallery
0%
256 21 Val-Mont
0%
259 25 Valonne
0%
128 25 Valoreille
0%
962 39 Val-Sonnette
0%
801 39 Val Suran
0%
108 70 Vandelans
0%
304 58 Vandenesse
0%
302 21 Vandenesse-en-Auxois
0%
840 25 Vandoncourt
0%
51 21 Vannaire
0%
122 70 Vanne
0%
191 70 Vantoux-et-Longevelle
0%
240 21 Vanvey
0%
704 21 Varanges
0%
281 71 Vareilles
0%
115 71 Varenne-l'Arconce
0%
576 71 Varennes-lès-Mâcon
0%
926 58 Varennes-lès-Narcy
0%
1156 71 Varennes-Saint-Sauveur
0%
546 71 Varennes-sous-Dun
0%
161 70 Varogne
0%
2024 21 Varois-et-Chaignot
0%
202 70 Vars
0%
1251 58 Varzy
0%
73 89 Vassy-sous-Pisy
0%
237 71 Vauban
0%
116 70 Vauchoux
0%
137 58 Vauclaix
0%
146 25 Vaucluse
0%
83 25 Vauclusotte
0%
216 70 Vauconcourt-Nervezain
0%
242 71 Vaudebarrier
0%
461 89 Vaudeurs
0%
82 25 Vaudrivillers
0%
153 25 Vaufrey
0%
274 89 Vault-de-Lugny
0%
349 89 Vaumort
0%
206 90 Vauthiermont
0%
545 58 Vaux d'Amognes
0%
73 71 Vaux-en-Pré
0%
78 70 Vaux-le-Moncelot
0%
695 39 Vaux-lès-Saint-Claude
0%
179 21 Vaux-Saules
0%
78 39 Vaux-sur-Poligny
0%
54 21 Veilly
0%
495 70 Velesmes-Échevanne
0%
355 25 Velesmes-Essarts
0%
399 70 Velet
0%
117 70 Vellechevreux-et-Courbenans
0%
103 70 Velleclaire
0%
530 70 Vellefaux
0%
119 70 Vellefrey-et-Vellefrange
0%
125 70 Vellefrie
0%
151 70 Velleguindry-et-Levrecey
0%
134 70 Velle-le-Châtel
0%
85 70 Vellemoz
0%
95 25 Vellerot-lès-Belvoir
0%
70 25 Vellerot-lès-Vercel
0%
249 90 Vellescot
0%
240 25 Vellevans
0%
466 70 Vellexon-Queutrey-et-Vaudey
0%
84 70 Velloreille-lès-Choye
0%
32 21 Velogny
0%
204 70 Velorcey
0%
2853 21 Venarey-les-Laumes
0%
764 71 Vendenesse-lès-Charolles
0%
575 71 Vendenesse-sur-Arroux
0%
212 70 Venère
0%
528 25 Venise
0%
131 70 Venisey
0%
888 89 Venizy
0%
263 25 Vennans
0%
229 25 Vennes
0%
305 89 Venouse
0%
1941 89 Venoy
0%
86 21 Verdonnet
0%
236 70 Vereux
0%
1540 89 Vergigny
0%
123 25 Vergranne
0%
118 39 Véria
0%
170 70 Verlans
0%
417 89 Verlin
0%
1275 89 Vermenton
0%
307 39 Vernantois
0%
126 25 Verne
0%
293 58 Verneuil
0%
58 25 Vernois-lès-Belvoir
0%
167 21 Vernois-lès-Vesvres
0%
139 70 Vernois-sur-Mance
0%
97 21 Vernot
0%
246 89 Vernoy
0%
1916 89 Véron
0%
403 21 Véronnes
0%
84 21 Verrey-sous-Drée
0%
293 21 Verrey-sous-Salmaise
0%
501 25 Verrières-de-Joux
0%
234 71 Vers
0%
196 71 Versaugues
0%
233 39 Vers-en-Montagne
0%
254 39 Vers-sous-Sellières
0%
51 21 Vertault
0%
841 71 Verzé
0%
735 90 Vescemont
0%
192 39 Vescles
0%
29 21 Vesvres
0%
690 90 Vétrigne
0%
217 21 Veuvey-sur-Ouche
0%
201 21 Veuxhaulles-sur-Aube
0%
54 89 Vézannes
0%
1022 90 Vézelois
0%
159 89 Vézinnes
0%
39 21 Vianges
0%
216 21 Vic-de-Chassenay
0%
116 21 Vic-des-Prés
0%
187 21 Vic-sous-Thil
0%
702 25 Vieilley
0%
136 21 Vieilmoulin
0%
181 58 Vielmanay
0%
95 25 Viéthorey
0%
87 21 Vieux-Château
0%
272 21 Viévigne
0%
62 58 Vignol
0%
986 21 Vignoles
0%
217 70 Villafans
0%
259 21 Villaines-en-Duesmois
0%
148 21 Villaines-les-Prévôtes
0%
418 58 Villapourçon
0%
618 39 Villard-Saint-Sauveur
0%
117 70 Villargent
0%
142 21 Villargoix
0%
174 21 Villars-et-Villenotte
0%
118 21 Villars-Fontaine
0%
191 70 Villars-le-Pautel
0%
458 25 Villars-lès-Blamont
0%
183 90 Villars-le-Sec
0%
287 25 Villars-Saint-Georges
0%
357 25 Villars-sous-Dampjoux
0%
353 25 Villars-sous-Écot
0%
93 21 Villeberny
0%
1831 89 Villeblevin
0%
643 89 Villebougis
0%
254 89 Villechétive
0%
380 89 Villecien
0%
252 21 Villecomte
0%
70 21 Villedieu
0%
1141 89 Villefargeau
0%
24 21 Villeferry
0%
133 70 Villefrancon
0%
227 71 Villegaudin
0%
244 58 Ville-Langy
0%
674 89 Villemanoche
0%
259 25 Villeneuve-d'Amont
0%
90 39 Villeneuve-d'Aval
0%
171 71 Villeneuve-en-Montagne
0%
329 89 Villeneuve-la-Dondagre
0%
3524 89 Villeneuve-la-Guyard
0%
309 89 Villeneuve-les-Genêts
0%
98 21 Villeneuve-sous-Charigny
0%
198 70 Villeparois
0%
325 89 Villeperrot
0%
395 89 Villeroy
0%
168 70 Villers-Bouton
0%
261 25 Villers-Buzon
0%
122 70 Villers-Chemin-et-Mont-lès-Étrelles
0%
133 25 Villers-Chief
0%
40 39 Villerserine
0%
149 25 Villers-Grélot
0%
52 25 Villers-la-Combe
0%
398 21 Villers-la-Faye
0%
158 70 Villers-la-Ville
0%
223 39 Villers-les-Bois
0%
542 70 Villers-le-Sec
0%
330 70 Villers-lès-Luxeuil
0%
54 70 Villers-Pater
0%
85 21 Villers-Patras
0%
130 21 Villers-Rotin
0%
234 25 Villers-Saint-Martin
0%
311 25 Villers-sous-Chalamont
0%
205 70 Villers-sur-Port
0%
141 70 Villers-sur-Saulnot
0%
60 70 Villers-Vaudey
0%
823 89 Villethierry
0%
398 39 Villette-lès-Arbois
0%
797 39 Villette-lès-Dole
0%
270 21 Villey-sur-Tille
0%
49 21 Villiers-en-Morvan
0%
103 21 Villiers-le-Duc
0%
49 58 Villiers-le-Sec
0%
125 89 Villiers-les-Hauts
0%
486 89 Villiers-Louis
0%
451 89 Villiers-Saint-Benoît
0%
278 58 Villiers-sur-Yonne
0%
276 89 Villiers-Vineux
0%
110 89 Villon
0%
74 21 Villotte-Saint-Seine
0%
116 21 Villotte-sur-Ource
0%
220 21 Villy-en-Auxois
0%
338 21 Villy-le-Moutier
0%
63 70 Vilory
0%
295 89 Vincelottes
0%
408 39 Vincent-Froideville
0%
256 71 Vindecy
0%
1625 89 Vinneuf
0%
756 71 Vinzelles
0%
110 89 Vireaux
0%
183 21 Viserny
0%
42 70 Visoncourt
0%
295 70 Vitrey-sur-Mance
0%
89 58 Vitry-Laché
0%
426 71 Vitry-sur-Loire
0%
109 89 Viviers
0%
103 21 Vix
0%
206 25 Voillans
0%
78 25 Voires
0%
533 89 Voisines
0%
56 70 Volon
0%
352 21 Vonges
0%
865 70 Voray-sur-l'Ognon
0%
599 25 Vorges-les-Pins
0%
189 39 Vosbles-Valfin
0%
193 21 Voudenay
0%
155 70 Vougécourt
0%
390 70 Vouhenans
0%
281 21 Voulaines-les-Templiers
0%
205 89 Voutenay-sur-Cure
0%
179 70 Vregille
0%
163 39 Vriange
0%
731 25 Vuillafans
0%
659 25 Vuillecin
0%
20 39 Vulvoz
0%
441 70 Vyans-le-Val
0%
160 70 Vy-le-Ferroux
0%
132 70 Vy-lès-Filain
0%
724 70 Vy-lès-Lure
0%
78 70 Vy-lès-Rupt
0%
193 25 Vyt-lès-Belvoir
0%
154 89 Yrouerre
0%
Aucun quiz correspondant
Distribution des résultats
% des personnes avec chaque résultat
Percentile par nombre de réponses
Votre historique - résultats
Vous n’avez pas pris ce quiz